{"text_format":"1","workbook":"xls","n_sheets":10,"sheets":["Notes","Core by Tons ","English Core","Core by Metric tons","Metric Core ","CORE WKST","BLANK CORE LOG","Blank Core by Tons","BLANKCORE WKST","random numbers"],"not_rendered":{"charts":0,"images":9,"macros":1,"external_links":2,"defined_names":46,"comments":9,"pivot_tables":0},"unopened":[],"bounds":{"document_bytes":16777216,"sheet_cells":100000,"rows_first":2000,"rows_last":500,"rows_between":2000,"halvings":0,"cell_chars":16384,"cell_head_chars":4096},"cells_cut":0,"cells_raw":0,"read":"whole","date_system":"1900","formulas":"cached_only"}

{"sheet":"Notes","index":0,"n_rows":114,"n_cols":2,"rows_kept":114,"cut":false,"hidden":false,"merged":[[113,0,141,0]],"flags":["formulas_cached_only"]}
["2005-DATED 8/16/05"]
["2006-07-31","Paving Date"]
[null,"1998-07-07"]
[]
[]
[]
[]
[]
[]
[]
[]
[]
[]
[]
[]
[]
[]
[]
[]
[]
[]
[]
[]
[]
[]
[]
[]
[]
[]
[]
[]
[]
[]
[]
[]
[]
[]
[]
[]
[]
[]
[]
[]
[]
[]
[]
[]
[]
[]
[]
[]
[]
[]
[]
[]
[]
[]
[]
[]
[]
[]
[]
[]
[]
[]
[]
[]
[]
[]
[]
[]
[]
[]
[]
[]
[]
[]
[]
[]
[]
[]
[]
[]
[]
[]
[]
[]
[]
[]
[]
[]
[]
[]
[]
[]
[]
[]
[]
[]
[]
[]
[]
[]
[]
[]
[]
[]
[]
[]
[]
[]
[]
[]
["Revision History\n\nRevision for 9/13/2002\nModified the \"Mix\" pull down box so that options for 65 blow HV mixes are available\n\nRevision for 10/7/2002\nModified the revisions dates on every sheet to change to the same as cell \"A2\" on the \"notes\"\nsheet.  Now the revision date only has to be entered once, in cell \"A2\" on the notes page\nand all pages will show the revision date.  Also, some code has been added to the macro \nattached to the button on this page.  This new code will check to see if the date has been\nchanged from the default date of 1/1/1930.  If the date has not been changed, then the macro\nwill change the date to 7/7/1998.  Once the file is saved with this date, then the random  \nnumbers will be locked until the date is changed by the user.  This change was made, because\nsome users were intentionally not changing the date, and every time they re-entered the file\nthe random numbers would change.  The intention is that the users put the actual date in cell\n\"B3\", thus locking the random numbers.  \n\nRevision for 5/9/03\nModified the spread sheet so that it does offsets for the core by ton method.\n\nRevision for 20july2005 - added mix types for shoulder wear with 3.0% air voids\n\nRevision for August 16, 2005 - made some formatting changes.  Unprotected the cells where \"remarks\" can be made.\nUnprotected the lane width fields.\n\nRevisions for July 31, 2006 - made some formatting changes.  Unprotected cells for \"mix type\""]

{"sheet":"Core by Tons ","index":1,"n_rows":88,"n_cols":40,"rows_kept":88,"cut":false,"hidden":true,"merged":[[21,2,23,5],[27,10,27,12],[6,3,6,4],[6,6,6,7],[7,3,7,4],[7,6,7,7],[10,3,10,4],[24,5,24,8],[24,2,24,4],[24,9,24,10],[27,6,27,7],[4,4,4,5],[4,8,4,9],[4,11,4,12],[5,4,5,5],[5,6,5,7],[5,8,5,9],[5,11,5,12],[4,6,4,7],[24,11,24,14],[30,5,30,8],[31,5,31,8],[32,5,32,8],[33,5,33,8],[39,5,39,8],[40,5,40,8],[37,10,37,12],[41,5,41,8],[37,5,37,8],[34,10,34,12],[35,10,35,12],[36,10,36,12],[38,5,38,8],[34,5,34,8],[35,5,35,8],[36,5,36,8],[30,10,30,12],[31,10,31,12],[44,11,45,14],[44,9,45,10],[38,10,38,12],[39,10,39,12],[40,10,40,12],[41,10,41,12],[32,10,32,12],[33,10,33,12]],"flags":["formulas_cached_only"]}
[]
[]
[null,null,"2006-07-31",null,null,null,"BITUMINOUS CORING LOG",null,null,null,null,"(english)",null,null,null,null,null,null,null,null,null,null,null,null,null,null,null,null,"Begin","End","Tons"]
[null,null,null,null,null,null,null,null,null,null,null,null,null,null,null,null,null,null,null,null,null,null,null,null,null,null,null,null,"Lot","Lot","This",null,"Core","Core"]
[null,null,null,"S.P.","5657-123",null,"T. H.",null,12,null,"Engineer","dan",null,"Date Paved","2003-05-07",null,null,null,null,null,null,null,null,null,null,null,null,"Core","Tons","Tons","Core",null,"Distance","Tonnage","Core",null,null,"LV",null,"LVWE15030"]
[null,null,null,"Contractor","xyz",null,"Plant",null,"#1",null,"Date Cored","2001-05-08",null,"Day #",2,null,null,null,null,null,null,null,null,null,null,null,null,"A",0,400,400,null,121.51296138763428,121.51296138763428,"A",null,null,"LV-R",null,"LVWE25030"]
[null,null,null,"Total Tons Expected",null,4000,"Lots Required",null,5,"Mix Spec",2350,"Mix",null,"MDR/Rec#","2003-123",null,null,null,null,null,null,null,null,null,null,null,null,null,null,null,null,null,null,null,null,null,null,"MV",null,"LVWE35030"]
[null,null,null,"Tons Per Core",null,400,"Tons Per Lot",null,800,"Mix Type",null,"Lift Paved","first","Bid Price/Ton",25,null,null,null,null,null,"Tons","Lots",null,null,null,null,null,"B",400,800,400,null,166.89276695251465,566.8927669525146,"B",null,null,"MV-reduced",null,"LVWE45030"]
[null,null,null,null,null,null,null,null,null,null,null,null,null,null,null,null,null,null,null,null,0.1,0,null,null,null,null,null,null,null,null,null,null,null,null,null,null,null,"HV",null,"LVWE55030"]
[null,null,null,null,null,null,null,null,null,"Comp","Lot","Random","Tons/","Core","Core","Random","Lane","Offset",null,null,1,1,null,null,null,null,null," C ",800,1200,400,null,136.98503971099854,936.9850397109985," C ",null,null,"HV-reduced",null,"LVNW15030"]
[null,null,null,"         Daily Production",null,null,null,"LOT","CORE",null,"Tonnage","#","Core","Distance","Tonnage","#","Width",null,null,null,601,2,null,null,null,null,null,null,null,null,null,null,null,null,null,null,null,"SPNW",null,"LVNW25030"]
[null,null,null,"English Tons","Lot",null,null,"Lot",1.1,"Comp",null,0.3037824034690857,400,121.51296138763428,121.51296138763428,0.2997920513153076,12,3.5975046157836914,null,null,1001,3,null,null,null,null,null,"D",1200,1600,400,null,226.70822143554688,1426.7082214355469,"D",null,null,"SPNW-rdcd",null,"LVNW35030"]
[null,null,null,"0-600",1,null,null,1,1.2,null,800,0.4172319173812866,400,166.89276695251465,566.8927669525146,0.19038766622543335,12,2.2846519947052,null,null,1601,4,null,null,null,null,null,null,null,null,null,null,null,null,null,null,null,"SPWE",null,"LVNW45030"]
[null,null,null,"601-1000",2,null,null,"Lot",2.1,null,null,0.34246259927749634,400,136.98503971099854,936.9850397109985,0.9874423742294312,12,11.849308490753174,null,null,3601,5,null,null,null,null,null,"E",1600,2000,400,null,357.53867626190186,1957.5386762619019,"E",null,null,"SPWE-rdcd",null,"LVNW55030"]
[null,null,null,"1001-1600",3,null,null,2,2.2,"Comp",800,0.5667705535888672,400,226.70822143554688,1426.7082214355469,0.5962782502174377,12,7.155339002609253,null,null,5001,6,null,null,null,null,null,null,null,null,null,null,null,null,null,null,null,"SPWE-shldr",null,"MVWE15035"]
[null,null,null,"1601-3600",4,null,null,"Lot",3.1,null,null,0.8938466906547546,400,357.53867626190186,1957.5386762619019,0.769770622253418,12,9.237247467041016,null,null,null,null,null,null,null,null,null,"F",2000,2400,400,null,365.0473117828369,2365.047311782837,"F",null,null,"SPWE-sh-R",null,"MVWE25035"]
[null,null,null,"3601-5000",5,null,null,3,3.2,"Comp",800,0.9126182794570923,400,365.0473117828369,2365.047311782837,0.7804519534111023,12,9.365423440933228,null,null,null,null,null,null,null,null,null,null,null,null,null,null,null,null,null,null,null,null,null,"MVWE35035"]
[null,null,null,">5000",6,null,null,"Lot",4.1,"Comp",null,0.32514506578445435,400,130.05802631378174,2530.0580263137817,0.9516702890396118,12,11.420043468475342,null,null,null,null,null,null,null,null,null,"G",2400,2800,400,null,130.05802631378174,2530.0580263137817,"G",null,null,null,null,"MVWE45035"]
[null,null,null,"#  0F COMPANIONS CORES =",null,null,null,4,4.2,null,800,0.35314393043518066,400,141.25757217407227,2941.2575721740723,0.04780226945877075,12,0.573627233505249,null,null,null,null,null,null,"Core","Tonnage",null,null,null,null,null,null,null,null,null,null,null,null,null,"MVWE55035"]
[null,"Lot Number",null,"    50% TOTAL CORES",null,null,null,"Lot",5.1,"Comp",null,0.5970434546470642,400,238.81738185882568,3438.8173818588257,0.759406328201294,12,9.112875938415527,null,null,null,null,null,null,"A",121.51296138763428,null,"H",2800,3200,400,null,141.25757217407227,2941.2575721740723,"H",null,null,null,null,"MVNW15035"]
[null,1,"Remarks",null,null,null,null,5,5.2,null,800,0.052295565605163574,400,20.91822624206543,3620.9182262420654,0.6245941519737244,12,7.495129823684692,null,null,null,null,null,null,"B",566.8927669525146,null,null,null,null,null,null,null,null,null,null,null,null,null,"MVNW25035"]
[null,1,null,null,null,null,null,"Lot"," ",null,null,0.6865392327308655,"","","",0.7634514570236206,12,"",null,null,null,null,null,null,"C ",936.9850397109985,null,"I",3200,3600,400,null,238.81738185882568,3438.8173818588257,"I",null,null,null,null,"MVNW35035"]
[null,null,null,null,null,null,null," "," ",null,"",0.25264978408813477,"","","",0.3468795418739319,12,"",null,null,null,null,null,null,"D",1426.7082214355469,null," ",null,null,null,null,null,null," ",null,null,null,null,"MVNW45035"]
[null,2,null,null,null,null,null,null,null,null,null,null,null,null,null,null,null,null,null,null,null,null,null,null,"E",1957.5386762619019,null,"J",3600,4000,400,null,20.91822624206543,3620.9182262420654,"J",null,null,null,null,"MVNW55035"]
[null,2,"Verification:Field I.D.",null,null,null,null,null,null,"Station:",null,null,null,null,null,null,null,null,null,null,null,null,null,null,"F",2365.047311782837,null,null,null,null,null,null,null,null,null,null,null,null,null,"HVWE17540"]
[]
[]
[null,null,"Core","Core Tons",null,null,"Station",null,null,null,"Offset",null,null,null," Comp",null,null,null,null,null,null,null,null,null,"G",2530.0580263137817,null,"K","","","",null,"","","K",null,null,null,null,"HVWE27540"]
[null,3,null,null,null,null,null,null,null,null,null,null,null,null,null,null,null,null,null,null,null,null,null,null,"H",2941.2575721740723,null,null,null,null,null,null,null,null,null,null,null,null,null,"HVWE37540"]
[]
[null,3,1.1,121.51296138763428,null,null,null,null,null,null,null,null,null,null,null,null,null,null,null,null,null,null,null,null,"I",3438.8173818588257,null,"L","","","",null,"","","L",null,null,null,null,"HVWE47540"]
[null,null,1.2,566.8927669525146,null,null,null,null,null,null,null,null,null,null,null,null,null,null,null,null,null,null,null,null,"J",3620.9182262420654,null,null,null,null,null,null,null,null,null,null,null,null,null,"HVWE57540"]
[null,4,2.1,936.9850397109985,null,null,null,null,null,null,null,null,null,null,null,null,null,null,null,null,null,null,null,null,"K","",null,null,null,null,null,null,null,null,null,null,null,null,null,"HVNW17540"]
[null,4,2.2,1426.7082214355469,null,null,null,null,null,null,null,null,null,null,null,null,null,null,null,null,null,null,null,null,"L","",null,null,null,null,null,null,null,null,null,null,null,null,null,"HVNW27540"]
[null,null,3.1,1957.5386762619019,null,null,null,null,null,null,null,null,null,null,null,null,null,null,null,null,null,null,null,"","",null,null,null,null,null,null,null,null,null,null,null,null,null,null,"HVNW37540"]
[null,5,3.2,2365.047311782837,null,null,null,null,null,null,null,null,null,null,null,null,null,null,null,null,null,null,null,"","",null,null,null,null,null,null,null,null,null,null,null,null,null,null,"HVNW47540"]
[null,5,4.1,2530.0580263137817,null,null,null,null,null,null,null,null,null,null,null,null,null,null,null,null,null,null,null,null,null,null,null,null,null,null,null,null,null,null,null,null,null,null,null,"HVNW57540"]
[null,null,4.2,2941.2575721740723,null,null,null,null,null,null,null,null,null,null,null,null,null,null,null,null,null,null,null,null,null,null,null,null,null,null,null,null,null,null,null,null,null,null,null,"SPWEA140"]
[null,6,5.1,3438.8173818588257,null,null,null,null,null,null,null,null,null,null,null,null,null,null,null,null,null,null,null,null,null,null,null,null,null,null,null,null,null,null,null,null,null,null,null,"SPWEA240"]
[null,6,5.2,3620.9182262420654,null,null,null,null,null,null,null,null,null,null,null,null,null,null,null,null,null,null,null,null,null,null,null,null,null,null,null,null,null,null,null,null,null,null,null,"SPWEA340"]
[null,null," ","",null,null,null,null,null,null,null,null,null,null,null,null,null,null,null,null,null,null,null,null,null,null,null,null,null,null,null,null,null,null,null,null,null,null,null,"SPWEA440"]
[null,7," ","",null,null,null,null,null,null,null,null,null,null,null,null,null,null,null,null,null,null,null,null,null,null,null,null,null,null,null,null,null,null,null,null,null,null,null,"SPWEA540"]
[null,7,null,null,null,null,null,null,null,null,null,null,null,null,null,null,null,null,null,null,null,null,null,null,null,null,null,null,null,null,null,null,null,null,null,null,null,null,null,"SPWEA640"]
[null,null,null,null,null,null,null,null,null,null,null,null,null,null,null,null,null,null,null,null,null,null,null,null,null,null,null,null,null,null,null,null,null,null,null,null,null,null,null,"SPWEA740"]
[null,null,null,null,null,null,null,null,null,"Street Inspector",null,null,null,null,null,null,null,null,null,null,null,null,null,null,null,null,null,null,null,null,null,null,null,null,null,null,null,null,null,"SPWEA230"]
[null,null,null,null,null,null,null,null,null,null,null,null,null,null,null,null,null,null,null,null,null,null,null,null,null,null,null,null,null,null,null,null,null,null,null,null,null,null,null,"SPWEA330"]
[null,null,null,null,null,null,null,null,null,null,null,null,null,null,null,null,null,null,null,null,null,null,null,null,null,null,null,null,null,null,null,null,null,null,null,null,null,null,null,"SPWEA430"]
[null,null,null,null,null,null,null,null,null,null,null,null,null,null,null,null,null,null,null,null,null,null,null,null,null,null,null,null,null,null,null,null,null,null,null,null,null,null,null,"SPNWA130"]
[null,null,null,null,null,null,null,null,null,null,null,null,null,null,null,null,null,null,null,null,null,null,null,null,null,null,null,null,null,null,null,null,null,null,null,null,null,null,null,"SPNWA230"]
[null,null,null,null,null,null,null,null,null,null,null,null,null,null,null,null,null,null,null,null,null,null,null,null,null,null,null,null,null,null,null,null,null,null,null,null,null,null,null,"SPNWA330"]
[null,null,null,null,null,null,null,null,null,null,null,null,null,null,null,null,null,null,null,null,null,null,null,null,null,null,null,null,null,null,null,null,null,null,null,null,null,null,null,"SPNWA430"]
[null,null,null,null,null,null,null,null,null,null,null,null,null,null,null,null,null,null,null,null,null,null,null,null,null,null,null,null,null,null,null,null,null,null,null,null,null,null,null,"SPNWA530"]
[null,null,null,null,null,null,null,null,null,null,null,null,null,null,null,null,null,null,null,null,null,null,null,null,null,null,null,null,null,null,null,null,null,null,null,null,null,null,null,"SPNWA630"]
[null,null,null,null,null,null,null,null,null,null,null,null,null,null,null,null,null,null,null,null,null,null,null,null,null,null,null,null,null,null,null,null,null,null,null,null,null,null,null,"SPNWA730"]
[null,null,null,null,null,null,null,null,null,null,null,null,null,null,null,null,null,null,null,null,null,null,null,null,null,null,null,null,null,null,null,null,null,null,null,null,null,null,null,"SPWEB140"]
[null,null,null,null,null,null,null,null,null,null,null,null,null,null,null,null,null,null,null,null,null,null,null,null,null,null,null,null,null,null,null,null,null,null,null,null,null,null,null,"SPWEB240"]
[null,null,null,null,null,null,null,null,null,null,null,null,null,null,null,null,null,null,null,null,null,null,null,null,null,null,null,null,null,null,null,null,null,null,null,null,null,null,null,"SPWEB340"]
[null,null,null,null,null,null,null,null,null,null,null,null,null,null,null,null,null,null,null,null,null,null,null,null,null,null,null,null,null,null,null,null,null,null,null,null,null,null,null,"SPWEB440"]
[null,null,null,null,null,null,null,null,null,null,null,null,null,null,null,null,null,null,null,null,null,null,null,null,null,null,null,null,null,null,null,null,null,null,null,null,null,null,null,"SPWEB540"]
[null,null,null,null,null,null,null,null,null,null,null,null,null,null,null,null,null,null,null,null,null,null,null,null,null,null,null,null,null,null,null,null,null,null,null,null,null,null,null,"SPWEB640"]
[null,null,null,null,null,null,null,null,null,null,null,null,null,null,null,null,null,null,null,null,null,null,null,null,null,null,null,null,null,null,null,null,null,null,null,null,null,null,null,"SPWEB740"]
[null,null,null,null,null,null,null,null,null,null,null,null,null,null,null,null,null,null,null,null,null,null,null,null,null,null,null,null,null,null,null,null,null,null,null,null,null,null,null,"SPWEB230"]
[null,null,null,null,null,null,null,null,null,null,null,null,null,null,null,null,null,null,null,null,null,null,null,null,null,null,null,null,null,null,null,null,null,null,null,null,null,null,null,"SPWEB330"]
[null,null,null,null,null,null,null,null,null,null,null,null,null,null,null,null,null,null,null,null,null,null,null,null,null,null,null,null,null,null,null,null,null,null,null,null,null,null,null,"SPWEB430"]
[null,null,null,null,null,null,null,null,null,null,null,null,null,null,null,null,null,null,null,null,null,null,null,null,null,null,null,null,null,null,null,null,null,null,null,null,null,null,null,"SPNWB130"]
[null,null,null,null,null,null,null,null,null,null,null,null,null,null,null,null,null,null,null,null,null,null,null,null,null,null,null,null,null,null,null,null,null,null,null,null,null,null,null,"SPNWB230"]
[null,null,null,null,null,null,null,null,null,null,null,null,null,null,null,null,null,null,null,null,null,null,null,null,null,null,null,null,null,null,null,null,null,null,null,null,null,null,null,"SPNWB330"]
[null,null,null,null,null,null,null,null,null,null,null,null,null,null,null,null,null,null,null,null,null,null,null,null,null,null,null,null,null,null,null,null,null,null,null,null,null,null,null,"SPNWB430"]
[null,null,null,null,null,null,null,null,null,null,null,null,null,null,null,null,null,null,null,null,null,null,null,null,null,null,null,null,null,null,null,null,null,null,null,null,null,null,null,"SPNWB530"]
[null,null,null,null,null,null,null,null,null,null,null,null,null,null,null,null,null,null,null,null,null,null,null,null,null,null,null,null,null,null,null,null,null,null,null,null,null,null,null,"SPNWB630"]
[null,null,null,null,null,null,null,null,null,null,null,null,null,null,null,null,null,null,null,null,null,null,null,null,null,null,null,null,null,null,null,null,null,null,null,null,null,null,null,"SPNWB730"]
[null,null,null,null,null,null,null,null,null,null,null,null,null,null,null,null,null,null,null,null,null,null,null,null,null,null,null,null,null,null,null,null,null,null,null,null,null,null,null,"SPWEC140"]
[null,null,null,null,null,null,null,null,null,null,null,null,null,null,null,null,null,null,null,null,null,null,null,null,null,null,null,null,null,null,null,null,null,null,null,null,null,null,null,"SPWEC240"]
[null,null,null,null,null,null,null,null,null,null,null,null,null,null,null,null,null,null,null,null,null,null,null,null,null,null,null,null,null,null,null,null,null,null,null,null,null,null,null,"SPWEC340"]
[null,null,null,null,null,null,null,null,null,null,null,null,null,null,null,null,null,null,null,null,null,null,null,null,null,null,null,null,null,null,null,null,null,null,null,null,null,null,null,"SPWEC440"]
[null,null,null,null,null,null,null,null,null,null,null,null,null,null,null,null,null,null,null,null,null,null,null,null,null,null,null,null,null,null,null,null,null,null,null,null,null,null,null,"SPWEC540"]
[null,null,null,null,null,null,null,null,null,null,null,null,null,null,null,null,null,null,null,null,null,null,null,null,null,null,null,null,null,null,null,null,null,null,null,null,null,null,null,"SPWEC640"]
[null,null,null,null,null,null,null,null,null,null,null,null,null,null,null,null,null,null,null,null,null,null,null,null,null,null,null,null,null,null,null,null,null,null,null,null,null,null,null,"SPWEC740"]
[null,null,null,null,null,null,null,null,null,null,null,null,null,null,null,null,null,null,null,null,null,null,null,null,null,null,null,null,null,null,null,null,null,null,null,null,null,null,null,"SPWEC230"]
[null,null,null,null,null,null,null,null,null,null,null,null,null,null,null,null,null,null,null,null,null,null,null,null,null,null,null,null,null,null,null,null,null,null,null,null,null,null,null,"SPWEC330"]
[null,null,null,null,null,null,null,null,null,null,null,null,null,null,null,null,null,null,null,null,null,null,null,null,null,null,null,null,null,null,null,null,null,null,null,null,null,null,null,"SPWEC430"]
[null,null,null,null,null,null,null,null,null,null,null,null,null,null,null,null,null,null,null,null,null,null,null,null,null,null,null,null,null,null,null,null,null,null,null,null,null,null,null,"SPNWC130"]
[null,null,null,null,null,null,null,null,null,null,null,null,null,null,null,null,null,null,null,null,null,null,null,null,null,null,null,null,null,null,null,null,null,null,null,null,null,null,null,"SPNWC230"]
[null,null,null,null,null,null,null,null,null,null,null,null,null,null,null,null,null,null,null,null,null,null,null,null,null,null,null,null,null,null,null,null,null,null,null,null,null,null,null,"SPNWC330"]
[null,null,null,null,null,null,null,null,null,null,null,null,null,null,null,null,null,null,null,null,null,null,null,null,null,null,null,null,null,null,null,null,null,null,null,null,null,null,null,"SPNWC430"]
[null,null,null,null,null,null,null,null,null,null,null,null,null,null,null,null,null,null,null,null,null,null,null,null,null,null,null,null,null,null,null,null,null,null,null,null,null,null,null,"SPNWC530"]
[null,null,null,null,null,null,null,null,null,null,null,null,null,null,null,null,null,null,null,null,null,null,null,null,null,null,null,null,null,null,null,null,null,null,null,null,null,null,null,"SPNWC630"]
[null,null,null,null,null,null,null,null,null,null,null,null,null,null,null,null,null,null,null,null,null,null,null,null,null,null,null,null,null,null,null,null,null,null,null,null,null,null,null,"SPNWC730"]

{"sheet":"English Core","index":2,"n_rows":91,"n_cols":47,"rows_kept":91,"cut":false,"hidden":true,"merged":[[35,7,38,12],[13,5,13,6],[13,7,13,8],[14,3,14,4],[14,5,14,6],[14,7,14,8],[38,3,38,4],[39,3,39,4],[40,3,40,4],[41,3,41,4],[6,3,6,4],[7,3,7,4],[8,3,8,4],[9,3,9,4],[10,3,10,4],[11,3,11,4],[12,3,12,4],[35,3,35,4],[36,3,36,4],[37,3,37,4],[13,3,13,4],[0,33,1,35],[1,37,1,39],[5,9,5,10],[4,12,4,13],[4,7,4,8],[4,9,4,10],[5,7,5,8],[4,4,4,6],[5,4,5,6],[7,7,7,8],[8,7,8,8],[15,7,15,8],[16,7,16,8],[9,7,9,8],[10,7,10,8],[11,7,11,8],[12,7,12,8],[41,11,42,12],[41,10,42,10],[1,8,1,11],[10,5,10,6],[11,5,11,6],[12,5,12,6],[6,5,6,6],[7,5,7,6],[8,5,8,6],[9,5,9,6]],"flags":["formulas_cached_only"]}
[null,null,null,null,null,null,null,null,null,null,null,null,null,null,null,null,null,null,null,null,null,null,null,null,null,null,null,null,null,null,null,null,null,"1st Core of Lot"]
[null,null,null,null,null,null,null,null,"BITUMINOUS CORING LOG",null,null,null,"(english)",null,null,null,null,null,null,null,null,null,null,null,null,null,null,null,null,null,null,null,null,null,null,null,null,"2nd Core of Lot"]
[null,null,null,"2006-07-31",null,null,null,null,null,null,null,null,null,null,null,null,null,null,null,null,null,null,null,null,null,"Rem","Begin","End","Length",null,null,"Length",null,null,"Dist","Station",null,null,"Dist","Station"]
[null,null,null,null,null,null,null,null,null,null,null,null,null,null,"Date Paved",null,null,null,null,null,null,null,null,null,null,"Lot","Lot","Lot","This",null,null,"Left in",null,"Core","This","of",null,"Core","This","of"]
[null,null,null,"S.P.","1232-123",null,null,"T. H.",null,12,null,"Engineer","dan",null,"Day #",null,null,null,null,null,null,null,null,"Lot","Lane","Length","Station","Station","Lane",null,null,"Lane","Lane","Dist.","Lane","Core","Lane","Dist.","Lane","Core","Lane"]
[null,null,null,"Contractor","xyz",null,null,"Plant",null,1,null,null,null,null,"Date Cored",null,null,null,null,null,null,null,null,1,1,1194.3333333333333,1231,1451,220,"LOT 1",null,0,"Lane 1",662.0406199494997,220,"","Lane 1",215.5431753396988,215.5431753396988,1446.5431753396988,"Lane 1"]
[null,null,null,"Lane",null,"Lane Name",null,null,null,null,null,null,null,null,"MDR/Rec#",null,null,null,"Tons","Lots",null,"Direction",null,null,2,974.3333333333333,1576,2000,424,"LOT 1",null,0,"Lane 2",442.0406199494997,424,"","Lane 2","","","","Lane 2",null,null,null,1]
[null,null,null,"Lane 1",null,"first",null,"Begin Station ",null,1231,"End Station ",1451,"Length Paved ",220,"Bid Price/Ton",null,null,null,0.1,0,null,1,null,null,3,550.3333333333333,3200,3750.333333333333,550.333333333333,"PARTIAL",null,816.666666666667,"Lane 3",18.040619949499728,18.040619949499728,3218.0406199494996,"Lane 3","","","","Lane 3",null,null,null,"LV",null,"LVWE15030"]
[null,null,null,"Lane 2",null,"second",null,"Begin Station ",null,1576,"End Station ",2000,"Length Paved ",424,null,null,null,null,1,1,null,1,null,null,4,2.2737367544323206e-13,0,0,0,"",null,1155,"Lane 4","","","","Lane 4","","","","Lane 4",null,null,null,"LV-R",null,"LVWE25030"]
[null,null,null,"Lane 3",null,"third",null,"Begin Station ",null,3200,"End Station ",4567,"Length Paved ",1367,null,null,null,null,601,2,null,1,null,null,5,2.2737367544323206e-13,0,0,0,"",null,1000,"Lane 5","","","","Lane 5","","","","Lane 5",null,null,null,"MV",null,"LVWE35030"]
[null,null,null,"Lane 4",null,"fourth",null,"Begin Station ",null,5045,"End Station ",6200,"Length Paved ",1155,"Lift Paved",null,null,null,1001,3,null,1,null,null,6,2.2737367544323206e-13,0,0,0,"",null,1000,"Lane 6","","","","Lane 6","","","","Lane 6",null,null,null,"MV-reduced",null,"LVWE45030"]
[null,null,null,"Lane 5",null,"fifth",null,"Begin Station ",null,7000,"End Station ",8000,"Length Paved ",1000,"Mix Spec",null,null,null,1601,4,null,1,null,null,7,2.2737367544323206e-13,0,0,0,"",null,1000,"Lane 7","","","","Lane 7","","","","Lane 7",null,null,null,"HV",null,"LVWE55030"]
[null,null,null,"Lane 6",null,"sixth",null,"Begin Station ",null,9000,"End Station ",10000,"Length Paved ",1000,"Mix Type",null,null,null,3601,5,null,1,null,null,8,2.2737367544323206e-13,0,0,0,"",null,1000,"Lane 8","","","","Lane 8","","","","Lane 8",null,null,null,"HV-reduced",null,"LVNW15030"]
[null,null,null,"Lane 7",null,"seventh",null,"Begin Station ",null,11000,"End Station ",12000,"Length Paved ",1000,null,null,null,null,5001,6,null,1,null,null,null,null,null,null,null,null,null,null,null,null,null,null,null,null,null,null,null,null,null,null,"SPNW",null,"LVNW25030"]
[null,null,null,"Lane 8",null,"eighth",null,"Begin Station ",null,13000,"End Station ",14000,"Length Paved ",1000,null,null,null,null,null,null,null,1,null,2,1,"",0,0,0,"",null,0,"Lane 1","","","","Lane 1","","","","Lane 1",null,null,null,"SPNW-rdcd",null,"LVNW35030"]
[null,null,null,null,null,null,null,"Total Tons Paved",null,6000,"Lots Required",6,"Total Length Paved",7166,null,null,null,null,null,null,null,null,null,null,2,"",0,0,0,"",null,0,"Lane 2","","","","Lane 2","","","","Lane 2",null,null,null,"SPWE",null,"LVNW45030"]
[null,null,null,null,null,null,null,"Tons Per Lot",null,1000,"Required Lot Length",1194.3333333333333,"Lane Width Paved",12,"MIX",null,null,null,null,null,null,null,null,null,3,1194.3333333333333,3750.333333333333,4567,816.666666666667,"PARTIAL",null,0,"Lane 3",360.70217583576834,360.70217583576834,4111.035509169102,"Lane 3",802.3683882554371,802.3683882554371,4552.70172158877,"Lane 3",null,null,null,"SPWE-rdcd",null,"LVNW55030"]
[null,null,null,null,null,null,null,null,null,null,null,null,null,null,null,null,null,null,null,null,null,null,null,null,4,377.6666666666663,5045,5422.666666666666,377.66666666666606,"PARTIAL",null,777.3333333333339,"Lane 4","","","","Lane 4","","","","Lane 4",null,null,null,"SPWE-shldr",null,"MVWE15035"]
[null,null,null,null,null,null,null,null,null,null,null,null,null,null,null,null,null,null,null,null,"Core","Pass","Station",null,5,2.2737367544323206e-13,0,0,0,"",null,1000,"Lane 5","","","","Lane 5","","","","Lane 5",null,null,null,"SPWE-sh-R",null,"MVWE25035"]
[null,null,null,null,null,"Comp","Lot","Random","Lot","Distance","Lane","Lane","Station of","Random","Lane ","Offset of",null,null,null,null,"A","Lane 3",3218.0406199494996,null,6,2.2737367544323206e-13,0,0,0,"",null,1000,"Lane 6","","","","Lane 6","","","","Lane 6",null,null,null,null,null,"MVWE35035"]
[null,null,null,null,null,null,"Tonnage","#","Length",null,null,"Name","Core","#","Width","Core",null,null,null,null,"B","Lane 1",1446.5431753396988,null,7,2.2737367544323206e-13,0,0,0,"",null,1000,"Lane 7","","","","Lane 7","","","","Lane 7",null,null,null,null,null,"MVWE45035"]
[null,"Lot Number","Lot","Core ",0.1,"Comp",null,0.5543181300163269,1194.3333333333333,662.0406199494997,"Lane 3","third",3218.0406199494996,0.7933525443077087,12,9.520230531692505,null,null,null,null,"C ","Lane 3",4111.035509169102,null,8,2.2737367544323206e-13,0,0,0,"",null,1000,"Lane 8","","","","Lane 8","","","","Lane 8",null,null,null,null,null,"MVWE55035"]
[null,1,null,"Core ",0.2,null,1000,0.1804715394973755,1194.3333333333333,215.5431753396988,"Lane 1","first",1446.5431753396988,0.932209849357605,12,11.18651819229126,null,null,null,null,"D","Lane 3",4552.70172158877,null,null,null,null,null,null,null,null,null,null,null,null,null,null,null,null,null,null,null,null,null,null,null,"MVNW15035"]
[null,1,"Lot","Core ",1.1,"Comp",null,0.30201131105422974,1194.3333333333333,360.70217583576834,"Lane 3","third",4111.035509169102,0.5156379342079163,12,6.187655210494995,null,null,null,null,"E","Lane 5",7211.5598704218855,3,1,"",0,0,0,"",null,0,"Lane 1","","","","Lane 1","","","","Lane 1",null,null,null,null,null,"MVNW25035"]
[null,null,1,"Core ",1.2,null,1000,0.6718127727508545,1194.3333333333333,802.3683882554371,"Lane 3","third",4552.70172158877,0.030932903289794922,12,0.37119483947753906,null,null,null,null,"F","Lane 4",6169.175543347994,null,2,"",0,0,0,"",null,0,"Lane 2","","","","Lane 2","","","","Lane 2",null,null,null,null,null,"MVNW35035"]
[null,2,"Lot","Core ",2.1,"Comp",null,0.8279876112937927,1194.3333333333333,988.8932037552197,"Lane 5","fifth",7211.5598704218855,0.7506272196769714,12,9.007526636123657,null,null,null,null,"G","Lane 5",7696.32852456967,null,3,"",0,0,0,"",null,0,"Lane 3","","","","Lane 3","","","","Lane 3",null,null,null,null,null,"MVNW45035"]
[null,2,2,"Core",2.2,null,1000,0.6250423192977905,1194.3333333333333,746.5088766813278,"Lane 4","fourth",6169.175543347994,0.3719702959060669,12,4.463643550872803,null,null,null,null,"H","Lane 5",7586.346128145853,null,4,1194.3333333333333,5422.666666666666,6200,777.3333333333339,"PARTIAL",null,0,"Lane 4",988.8932037552197,777.3333333333339,"","Lane 4",746.5088766813278,746.5088766813278,6169.175543347994,"Lane 4",null,null,null,null,null,"MVNW55035"]
[null,null,"Lot","Core ",3.1,"Comp",null,0.23387819528579712,1194.3333333333333,279.3285245696703,"Lane 5","fifth",7696.32852456967,0.4426944851875305,12,5.312333822250366,null,null,null,null,"I","Lane 6",9793.43653132518,null,5,416.9999999999993,7000,7416.999999999999,416.9999999999991,"PARTIAL",null,583.0000000000009,"Lane 5",211.55987042188576,211.55987042188576,7211.5598704218855,"Lane 5","","","","Lane 5",null,null,null,null,null,"HVWE17540"]
[null,3,3,"Core ",3.2,null,1000,0.14179134368896484,1194.3333333333333,169.34612814585367,"Lane 5","fifth",7586.346128145853,0.49610114097595215,12,5.953213691711426,null,null,null,null,"J","Lane 6",9755.165321787197,null,6,2.2737367544323206e-13,0,0,0,"",null,1000,"Lane 6","","","","Lane 6","","","","Lane 6"]
[null,3,"Lot","Core ",4.1,"Comp",null,0.15247267484664917,1194.3333333333333,182.103197991848,"Lane 6","sixth",9793.43653132518,0.33588117361068726,12,4.030574083328247,null,null,null,null,"K","Lane 8",13064.31228373448,null,7,2.2737367544323206e-13,0,0,0,"",null,1000,"Lane 7","","","","Lane 7","","","","Lane 7"]
[null,null,4,"Core ",4.2,null,1000,0.12042868137359619,1194.3333333333333,143.83198845386505,"Lane 6","sixth",9755.165321787197,0.8165410757064819,12,9.798492908477783,null,null,null,null,"L","Lane 8",13914.204731225967,null,8,2.2737367544323206e-13,0,0,0,"",null,1000,"Lane 8","","","","Lane 8","","","","Lane 8",null,null,null,null,null,"HVWE27540"]
[null,4,"Lot","Core ",5.1,"Comp",null,0.21656066179275513,1194.3333333333333,258.6456170678139,"Lane 8","eighth",13064.31228373448,0.3745613694190979,12,4.494736433029175,null,null,null,null,null,"","",null,null,null,null,null,null,null,null,null,null,null,null,null,null,null,null,null,null,null,null,null,null,null,"HVWE37540"]
[null,4,5,"Core",5.2,null,1000,0.9281647205352783,1194.3333333333333,1108.5380645593007,"Lane 8","eighth",13914.204731225967,0.9660797119140625,12,11.59295654296875,null,null,null,null,null,"","",4,1,"",0,0,0,"",null,0,"Lane 1","","","","Lane 1","","","","Lane 1"]
[null,null,null,null,null,null,null,null,null,null,null,null,null,null,null,null,null,null,null,null,null,null,null,null,2,"",0,0,0,"",null,0,"Lane 2","","","","Lane 2","","","","Lane 2",null,null,null,null,null,"HVWE47540"]
[null,5,null,"Daily Production",null,null,null,"Remarks",null,null,null,null,null,null,null,null,null,null,null,null,null,null,null,null,3,"",0,0,0,"",null,0,"Lane 3","","","","Lane 3","","","","Lane 3",null,null,null,null,null,"HVWE57540"]
[null,5,null,"English Tons",null,"Lot",null,null,null,null,null,null,null,null,null,null,null,null,null,null,null,null,null,null,4,"",0,0,0,"",null,0,"Lane 4","","","","Lane 4","","","","Lane 4",null,null,null,null,null,"HVNW17540"]
[null,null,null,"0-600",null,1,null,null,null,null,null,null,null,null,null,null,null,null,null,null,null,null,null,null,5,1194.3333333333333,7416.999999999999,8000,583.0000000000009,"PARTIAL",null,0,"Lane 5",279.3285245696703,279.3285245696703,7696.32852456967,"Lane 5",169.34612814585367,169.34612814585367,7586.346128145853,"Lane 5",null,null,null,null,null,"HVNW27540"]
[null,6,null,"601-1000",null,2,null,null,null,null,null,null,null,null,null,null,null,null,null,null,null,null,null,null,6,611.3333333333323,9000,9611.333333333332,611.3333333333321,"PARTIAL",null,388.6666666666679,"Lane 6","","","","Lane 6","","","","Lane 6",null,null,null,null,null,"HVNW37540"]
[null,6,null,"1001-1600",null,3,null,null,null,null,null,null,null,null,null,null,null,null,null,null,null,null,null,null,7,2.2737367544323206e-13,0,0,0,"",null,1000,"Lane 7","","","","Lane 7","","","","Lane 7",null,null,null,null,null,"HVNW47540"]
[null,null,null,"1601-3600",null,4,null,null,null,null,null,null,null,null,null,null,null,null,null,null,null,null,null,null,8,2.2737367544323206e-13,0,0,0,"",null,1000,"Lane 8","","","","Lane 8","","","","Lane 8",null,null,null,null,null,"HVNW57540"]
[null,7,null,"3601-5000",null,5,null,null,null,null,null,null,null,null,null,null,null,null,null,null,null,null,null,null,null,null,null,null,null,null,null,null,null,null,null,null,null,null,null,null,null,null,null,null,null,null,"SPWEA140"]
[null,7,null,">5000",null,6,null,null,null,null,"Street Inspector",null,null,null,null,null,null,null,null,null,null,null,null,5,1,"",0,0,0,"",null,0,"Lane 1","","","","Lane 1","","","","Lane 1",null,null,null,null,null,"SPWEA240"]
[null,null,null,"#  0F COMPANIONS CORES =",null,null,null,null,null,null,null,null,null,null,null,null,null,null,null,null,null,null,null,null,2,"",0,0,0,"",null,0,"Lane 2","","","","Lane 2","","","","Lane 2",null,null,null,null,null,"SPWEA340"]
[null,null,null,"    50% TOTAL CORES",null,null,null,null,null,null,null,null,null,null,null,null,null,null,null,null,null,null,null,null,3,"",0,0,0,"",null,0,"Lane 3","","","","Lane 3","","","","Lane 3",null,null,null,null,null,"SPWEA440"]
[null,null,null,null,null,null,null,null,null,null,null,null,null,null,null,null,null,null,null,null,null,null,null,null,4,"",0,0,0,"",null,0,"Lane 4","","","","Lane 4","","","","Lane 4",null,null,null,null,null,"SPWEA540"]
[null,null,null,null,null,null,null,null,null,null,null,null,null,null,null,null,null,null,null,null,null,null,null,null,5,"",0,0,0,"",null,0,"Lane 5","","","","Lane 5","","","","Lane 5",null,null,null,null,null,"SPWEA640"]
[null,null,null,null,null,null,null,null,null,null,null,null,null,null,null,null,null,null,null,null,null,null,null,null,6,1194.3333333333333,9611.333333333332,10000,388.6666666666679,"PARTIAL",null,0,"Lane 6",182.103197991848,182.103197991848,9793.43653132518,"Lane 6",143.83198845386505,143.83198845386505,9755.165321787197,"Lane 6",null,null,null,null,null,"SPWEA740"]
[null,null,null,null,null,null,null,null,null,null,null,null,null,null,null,null,null,null,null,null,null,null,null,null,7,805.6666666666654,11000,11805.666666666666,805.6666666666661,"PARTIAL",null,194.33333333333394,"Lane 7","","","","Lane 7","","","","Lane 7",null,null,null,null,null,"SPWEA230"]
[null,null,null,null,null,null,null,null,null,null,null,null,null,null,null,null,null,null,null,null,null,null,null,null,8,6.821210263296962e-13,0,0,0,"",null,1000,"Lane 8","","","","Lane 8","","","","Lane 8",null,null,null,null,null,"SPWEA330"]
[null,null,null,null,null,null,null,null,null,null,null,null,null,null,null,null,null,null,null,null,null,null,null,null,null,null,null,null,null,null,null,null,null,null,null,null,null,null,null,null,null,null,null,null,null,null,"SPWEA430"]
[null,null,null,null,null,null,null,null,null,null,null,null,null,null,null,null,null,null,null,null,null,null,null,6,1,"",0,0,0,"",null,0,"Lane 1","","","","Lane 1","","","","Lane 1",null,null,null,null,null,"SPNWA130"]
[null,null,null,null,null,null,null,null,null,null,null,null,null,null,null,null,null,null,null,null,null,null,null,null,2,"",0,0,0,"",null,0,"Lane 2","","","","Lane 2","","","","Lane 2",null,null,null,null,null,"SPNWA230"]
[null,null,null,null,null,null,null,null,null,null,null,null,null,null,null,null,null,null,null,null,null,null,null,null,3,"",0,0,0,"",null,0,"Lane 3","","","","Lane 3","","","","Lane 3",null,null,null,null,null,"SPNWA330"]
[null,null,null,null,null,null,null,null,null,null,null,null,null,null,null,null,null,null,null,null,null,null,null,null,4,"",0,0,0,"",null,0,"Lane 4","","","","Lane 4","","","","Lane 4",null,null,null,null,null,"SPNWA430"]
[null,null,null,null,null,null,null,null,null,null,null,null,null,null,null,null,null,null,null,null,null,null,null,null,5,"",0,0,0,"",null,0,"Lane 5","","","","Lane 5","","","","Lane 5",null,null,null,null,null,"SPNWA530"]
[null,null,null,null,null,null,null,null,null,null,null,null,null,null,null,null,null,null,null,null,null,null,null,null,6,"",0,0,0,"",null,0,"Lane 6","","","","Lane 6","","","","Lane 6",null,null,null,null,null,"SPNWA630"]
[null,null,null,null,null,null,null,null,null,null,null,null,null,null,null,null,null,null,null,null,null,null,null,null,7,1194.3333333333333,11805.666666666666,12000,194.33333333333394,"PARTIAL",null,0,"Lane 7",258.6456170678139,194.33333333333394,"","Lane 7",1108.5380645593007,194.33333333333394,"","Lane 7",null,null,null,null,null,"SPNWA730"]
[null,null,null,null,null,null,null,null,null,null,null,null,null,null,null,null,null,null,null,null,null,null,null,null,8,999.9999999999993,13000,14000,1000,"LOT 6",null,0,"Lane 8",64.31228373447993,64.31228373447993,13064.31228373448,"Lane 8",914.2047312259667,914.2047312259667,13914.204731225967,"Lane 8",null,null,null,null,null,"SPWEB140"]
[null,null,null,null,null,null,null,null,null,null,null,null,null,null,null,null,null,null,null,null,null,null,null,null,null,null,null,null,null,null,null,null,null,null,null,null,null,null,null,null,null,null,null,null,null,null,"SPWEB240"]
[null,null,null,null,null,null,null,null,null,null,null,null,null,null,null,null,null,null,null,null,null,null,null,7,1,"",0,0,0,"",null,0,"Lane 1","","","","Lane 1","","","","Lane 1",null,null,null,null,null,"SPWEB340"]
[null,null,null,null,null,null,null,null,null,null,null,null,null,null,null,null,null,null,null,null,null,null,null,null,2,"",0,0,0,"",null,0,"Lane 2","","","","Lane 2","","","","Lane 2",null,null,null,null,null,"SPWEB440"]
[null,null,null,null,null,null,null,null,null,null,null,null,null,null,null,null,null,null,null,null,null,null,null,null,3,"",0,0,0,"",null,0,"Lane 3","","","","Lane 3","","","","Lane 3",null,null,null,null,null,"SPWEB540"]
[null,null,null,null,null,null,null,null,null,null,null,null,null,null,null,null,null,null,null,null,null,null,null,null,4,"",0,0,0,"",null,0,"Lane 4","","","","Lane 4","","","","Lane 4",null,null,null,null,null,"SPWEB640"]
[null,null,null,null,null,null,null,null,null,null,null,null,null,null,null,null,null,null,null,null,null,null,null,null,5,"",0,0,0,"",null,0,"Lane 5","","","","Lane 5","","","","Lane 5",null,null,null,null,null,"SPWEB740"]
[null,null,null,null,null,null,null,null,null,null,null,null,null,null,null,null,null,null,null,null,null,null,null,null,6,"",0,0,0,"",null,0,"Lane 6","","","","Lane 6","","","","Lane 6",null,null,null,null,null,"SPWEB230"]
[null,null,null,null,null,null,null,null,null,null,null,null,null,null,null,null,null,null,null,null,null,null,null,null,null,null,null,null,null,null,null,null,null,null,null,null,null,null,null,null,null,null,null,null,null,null,"SPWEB330"]
[null,null,null,null,null,null,null,null,null,null,null,null,null,null,null,null,null,null,null,null,null,null,null,null,null,null,null,null,null,null,null,null,null,null,null,null,null,null,null,null,null,null,null,null,null,null,"SPWEB430"]
[null,null,null,null,null,null,null,null,null,null,null,null,null,null,null,null,null,null,null,null,null,null,null,null,null,null,null,null,null,null,null,null,null,null,null,null,null,null,null,null,null,null,null,null,null,null,"SPNWB130"]
[null,null,null,null,null,null,null,null,null,null,null,null,null,null,null,null,null,null,null,null,null,null,null,null,null,null,null,null,null,null,null,null,null,null,null,null,null,null,null,null,null,null,null,null,null,null,"SPNWB230"]
[null,null,null,null,null,null,null,null,null,null,null,null,null,null,null,null,null,null,null,null,null,null,null,null,null,null,null,null,null,null,null,null,null,null,null,null,null,null,null,null,null,null,null,null,null,null,"SPNWB330"]
[null,null,null,null,null,null,null,null,null,null,null,null,null,null,null,null,null,null,null,null,null,null,null,null,null,null,null,null,null,null,null,null,null,null,null,null,null,null,null,null,null,null,null,null,null,null,"SPNWB430"]
[null,null,null,null,null,null,null,null,null,null,null,null,null,null,null,null,null,null,null,null,null,null,null,null,null,null,null,null,null,null,null,null,null,null,null,null,null,null,null,null,null,null,null,null,null,null,"SPNWB530"]
[null,null,null,null,null,null,null,null,null,null,null,null,null,null,null,null,null,null,null,null,null,null,null,null,null,null,null,null,null,null,null,null,null,null,null,null,null,null,null,null,null,null,null,null,null,null,"SPNWB630"]
[null,null,null,null,null,null,null,null,null,null,null,null,null,null,null,null,null,null,null,null,null,null,null,null,null,null,null,null,null,null,null,null,null,null,null,null,null,null,null,null,null,null,null,null,null,null,"SPNWB730"]
[null,null,null,null,null,null,null,null,null,null,null,null,null,null,null,null,null,null,null,null,null,null,null,null,null,null,null,null,null,null,null,null,null,null,null,null,null,null,null,null,null,null,null,null,null,null,"SPWEC140"]
[null,null,null,null,null,null,null,null,null,null,null,null,null,null,null,null,null,null,null,null,null,null,null,null,null,null,null,null,null,null,null,null,null,null,null,null,null,null,null,null,null,null,null,null,null,null,"SPWEC240"]
[null,null,null,null,null,null,null,null,null,null,null,null,null,null,null,null,null,null,null,null,null,null,null,null,null,null,null,null,null,null,null,null,null,null,null,null,null,null,null,null,null,null,null,null,null,null,"SPWEC340"]
[null,null,null,null,null,null,null,null,null,null,null,null,null,null,null,null,null,null,null,null,null,null,null,null,null,null,null,null,null,null,null,null,null,null,null,null,null,null,null,null,null,null,null,null,null,null,"SPWEC440"]
[null,null,null,null,null,null,null,null,null,null,null,null,null,null,null,null,null,null,null,null,null,null,null,null,null,null,null,null,null,null,null,null,null,null,null,null,null,null,null,null,null,null,null,null,null,null,"SPWEC540"]
[null,null,null,null,null,null,null,null,null,null,null,null,null,null,null,null,null,null,null,null,null,null,null,null,null,null,null,null,null,null,null,null,null,null,null,null,null,null,null,null,null,null,null,null,null,null,"SPWEC640"]
[null,null,null,null,null,null,null,null,null,null,null,null,null,null,null,null,null,null,null,null,null,null,null,null,null,null,null,null,null,null,null,null,null,null,null,null,null,null,null,null,null,null,null,null,null,null,"SPWEC740"]
[null,null,null,null,null,null,null,null,null,null,null,null,null,null,null,null,null,null,null,null,null,null,null,null,null,null,null,null,null,null,null,null,null,null,null,null,null,null,null,null,null,null,null,null,null,null,"SPWEC230"]
[null,null,null,null,null,null,null,null,null,null,null,null,null,null,null,null,null,null,null,null,null,null,null,null,null,null,null,null,null,null,null,null,null,null,null,null,null,null,null,null,null,null,null,null,null,null,"SPWEC330"]
[null,null,null,null,null,null,null,null,null,null,null,null,null,null,null,null,null,null,null,null,null,null,null,null,null,null,null,null,null,null,null,null,null,null,null,null,null,null,null,null,null,null,null,null,null,null,"SPWEC430"]
[null,null,null,null,null,null,null,null,null,null,null,null,null,null,null,null,null,null,null,null,null,null,null,null,null,null,null,null,null,null,null,null,null,null,null,null,null,null,null,null,null,null,null,null,null,null,"SPNWC130"]
[null,null,null,null,null,null,null,null,null,null,null,null,null,null,null,null,null,null,null,null,null,null,null,null,null,null,null,null,null,null,null,null,null,null,null,null,null,null,null,null,null,null,null,null,null,null,"SPNWC230"]
[null,null,null,null,null,null,null,null,null,null,null,null,null,null,null,null,null,null,null,null,null,null,null,null,null,null,null,null,null,null,null,null,null,null,null,null,null,null,null,null,null,null,null,null,null,null,"SPNWC330"]
[null,null,null,null,null,null,null,null,null,null,null,null,null,null,null,null,null,null,null,null,null,null,null,null,null,null,null,null,null,null,null,null,null,null,null,null,null,null,null,null,null,null,null,null,null,null,"SPNWC430"]
[null,null,null,null,null,null,null,null,null,null,null,null,null,null,null,null,null,null,null,null,null,null,null,null,null,null,null,null,null,null,null,null,null,null,null,null,null,null,null,null,null,null,null,null,null,null,"SPNWC530"]
[null,null,null,null,null,null,null,null,null,null,null,null,null,null,null,null,null,null,null,null,null,null,null,null,null,null,null,null,null,null,null,null,null,null,null,null,null,null,null,null,null,null,null,null,null,null,"SPNWC630"]
[null,null,null,null,null,null,null,null,null,null,null,null,null,null,null,null,null,null,null,null,null,null,null,null,null,null,null,null,null,null,null,null,null,null,null,null,null,null,null,null,null,null,null,null,null,null,"SPNWC730"]

{"sheet":"Core by Metric tons","index":3,"n_rows":88,"n_cols":40,"rows_kept":88,"cut":false,"hidden":true,"merged":[[21,2,23,5],[4,4,4,5],[4,8,4,9],[4,11,4,12],[5,4,5,5],[5,6,5,7],[5,8,5,9],[5,11,5,12],[29,5,29,8],[30,5,30,8],[27,5,27,6],[6,3,6,4],[6,6,6,7],[7,3,7,4],[7,6,7,7],[10,3,10,4],[24,2,24,4],[24,5,24,8],[31,5,31,8],[32,5,32,8],[33,5,33,8],[34,5,34,8],[40,10,40,12],[39,5,39,8],[40,5,40,8],[35,10,35,12],[36,10,36,12],[35,5,35,8],[36,5,36,8],[37,5,37,8],[38,5,38,8],[32,10,32,12],[33,10,33,12],[34,10,34,12],[39,10,39,12],[2,6,2,10],[43,11,44,13],[43,9,44,10],[24,9,24,10],[24,11,24,14],[37,10,37,12],[38,10,38,12],[29,10,29,12],[30,10,30,12],[31,10,31,12]],"flags":["formulas_cached_only"]}
[]
[]
[null,null,null,null,null,null,"BITUMINOUS CORING LOG",null,null,null,null,"(metric)",null,null,null,null,null,null,null,null,null,null,null,null,null,null,null,null,"Begin","End","Tons"]
[null,null,"2006-07-31",null,null,null,null,null,null,null,null,null,null,null,null,null,null,null,null,null,null,null,null,null,null,null,null,null,"Lot","Lot","This",null,"Core","Core"]
[null,null,null,"S.P.",null,null,"T. H.",null,null,null,"Engineer",null,null,"Date Paved",null,null,null,null,null,null,null,null,null,null,null,null,null,"Core","Tons","Tons","Core",null,"Distance","Tonnage","Core",null,null,"LV",null,"LVWE15030"]
[null,null,null,"Contractor",null,null,"Plant",null,null,null,"Date Cored",null,null,"Day #",null,null,null,null,null,null,null,null,null,null,null,null,null,"A",0,500,500,null,330.18311858177185,330.18311858177185,"A",null,null,"LV-R",null,"LVWE25030"]
[null,null,null,"Total Tons Expected",null,6000,"Lots Required",null,6,"Mix Spec",null,"Mix",null,"MDR/Rec#",null,null,null,null,null,null,null,null,null,null,null,null,null,null,null,null,null,null,null,null,null,null,null,"MV",null,"LVWE35030"]
[null,null,null,"Tons Per Core",null,500,"Tons Per Lot",null,1000,"Mix Type",null,"Lift Paved",null,"Bid Price/Ton",null,null,null,null,null,null,"Tons","Lots",null,null,null,null,null,"B",500,1000,500,null,288.75333070755005,788.75333070755,"B",null,null,"MV-reduced",null,"LVWE45030"]
[null,null,null,null,null,null,null,null,null,null,null,null,null,null,null,null,null,null,null,null,0.1,0,null,null,null,null,null,null,null,null,null,null,null,null,null,null,null,"HV",null,"LVWE55030"]
[null,null,null,null,null,null,null,null,null,"Comp","Lot","Random","Tons/","Core","Core","Random","Lane","Offset",null,null,1,1,null,null,null,null,null," C ",1000,1500,500,null,178.62191796302795,1178.621917963028," C ",null,null,"HV-reduced",null,"LVNW15030"]
[null,null,null,"         Daily Production",null,null,null,null,"CORE",null,"Tonnage","#","Core","Distance","Tonnage","#","Width",null,null,null,546,2,null,null,null,null,null,null,null,null,null,null,null,null,null,null,null,"SPNW",null,"LVNW25030"]
[null,null,null,"Metric Tons","Lot",null,null,"Lot",2.1,null,null,0.6603662371635437,500,330.18311858177185,330.18311858177185,0.596595287322998,12,7.159143447875977,null,null,911,3,null,null,null,null,null,"D",1500,2000,500,null,376.226544380188,1876.226544380188,"D",null,null,"SPNW-rdcd",null,"LVNW35030"]
[null,null,null,"0-545",1,null,null,2,2.2,null,1000,0.5775066614151001,500,288.75333070755005,788.75333070755,0.5818688273429871,12,6.982425928115845,null,null,1456,4,null,null,null,null,null,null,null,null,null,null,null,null,null,null,null,"SPWE",null,"LVNW45030"]
[null,null,null,"546-910",2,null,null,"Lot",3.1,null,null,0.3572438359260559,500,178.62191796302795,1178.621917963028,0.8916274309158325,12,10.69952917098999,null,null,3276,5,null,null,null,null,null,"E",2000,2500,500,null,283.4126651287079,2283.412665128708,"E",null,null,"SPWE-rdcd",null,"LVNW55030"]
[null,null,null,"911-1455",3,null,null,3,3.2,null,1000,0.752453088760376,500,376.226544380188,1876.226544380188,0.9623516201972961,12,11.548219442367554,null,null,4546,6,null,null,null,null,null,null,null,null,null,null,null,null,null,null,null,"SPWE-shldr",null,"MVWE15035"]
[null,null,null,"1456-3275",4,null,null,"Lot",4.1,null,null,0.5668253302574158,500,283.4126651287079,2283.412665128708,0.015758275985717773,12,0.18909931182861328,null,null,null,null,null,null,null,null,null,"F",2500,3000,500,null,194.64391469955444,2694.6439146995544,"F",null,null,"SPWE-sh-R",null,"MVWE25035"]
[null,null,null,"3276-4545",5,null,null,4,4.2,null,1000,0.3892878293991089,500,194.64391469955444,2694.6439146995544,0.8555383086204529,12,10.266459703445435,null,null,null,null,null,null,null,null,null,null,null,null,null,null,null,null,null,null,null,null,null,"MVWE35035"]
[null,null,null,">4545",6,null,null,"Lot",5.1,null,null,0.656321108341217,500,328.1605541706085,3328.1605541706085,0.33619821071624756,12,4.034378528594971,null,null,null,null,null,null,null,null,null,"G",3000,3500,500,null,328.1605541706085,3328.1605541706085,"G",null,null,null,null,"MVWE45035"]
[null,null,null,"#  0F COMPANIONS CORES =",null,null,null,5,5.2,null,1000,0.8552212715148926,500,427.6106357574463,3927.6106357574463,0.628639280796051,12,7.543671369552612,null,null,null,null,null,null,"Core","Tonnage",null,null,null,null,null,null,null,null,null,null,null,null,null,"MVWE55035"]
[null,"Lot Number",null,"    50% TOTAL CORES",null,null,null,"Lot",6.1,null,null,0.5241000056266785,500,262.05000281333923,4262.050002813339,0.4857368469238281,12,5.8288421630859375,null,null,null,null,null,null,"A",330.18311858177185,null,"H",3500,4000,500,null,427.6106357574463,3927.6106357574463,"H",null,null,null,null,"MVNW15035"]
[null,1,"Remarks",null,null,null,null,6,6.2,null,1000,0.5174638032913208,500,258.7319016456604,4758.73190164566,0.18002337217330933,12,2.160280466079712,null,null,null,null,null,null,"B",788.75333070755,null,null,null,null,null,null,null,null,null,null,null,null,null,"MVNW25035"]
[null,1,null,null,null,null,null,"Lot",7.1,null,null,0.2717931866645813,500,135.89659333229065,5135.896593332291,0.8315845727920532,12,9.979014873504639,null,null,null,null,null,null,"C ",1178.621917963028,null,"I",4000,4500,500,null,262.05000281333923,4262.050002813339,"I",null,null,null,null,"MVNW35035"]
[null,null,null,null,null,null,null,7,7.2,null,1000,0.008805036544799805,500,4.402518272399902,5504.4025182724,0.8769009709358215,12,10.522811651229858,null,null,null,null,null,null,"D",1876.226544380188,null," ",null,null,null,null,null,null," ",null,null,null,null,"MVNW45035"]
[null,2,null,null,null,null,null,null,null,null,null,null,null,null,null,null,null,null,null,null,null,null,null,null,"E",2283.412665128708,null,"J",4500,5000,500,null,258.7319016456604,4758.73190164566,"J",null,null,null,null,"MVNW55035"]
[null,2,"Verification:Field I.D.",null,null,null,null,null,null,"Station",null,null,null,null,null,null,null,null,null,null,null,null,null,null,"F",2694.6439146995544,null,null,null,null,null,null,null,null,null,null,null,null,null,"HVWE17540"]
[]
[]
[null,null,"Core","Core Tons",null,"Station",null,null,null,null,"Offset",null,null,null," Comp",null,null,null,null,null,null,null,null,null,"G",3328.1605541706085,null,"K",5000,5500,500,null,135.89659333229065,5135.896593332291,"K",null,null,null,null,"HVWE27540"]
[null,3,null,null,null,null,null,null,null,null,null,null,null,null,null,null,null,null,null,null,null,null,null,null,"H",3927.6106357574463,null,null,null,null,null,null,null,null,null,null,null,null,null,"HVWE37540"]
[null,3,2.1,330.18311858177185,null,null,null,null,null,null,null,null,null,null,null,null,null,null,null,null,null,null,null,null,"I",4262.050002813339,null,"L",5500,6000,500,null,4.402518272399902,5504.4025182724,"L"]
[null,null,2.2,788.75333070755,null,null,null,null,null,null,null,null,null,null,null,null,null,null,null,null,null,null,null,null,"J",4758.73190164566,null,null,null,null,null,null,null,null,null,null,null,null,null,"HVWE47540"]
[null,4,3.1,1178.621917963028,null,null,null,null,null,null,null,null,null,null,null,null,null,null,null,null,null,null,null,null,"K",5135.896593332291,null,null,null,null,null,null,null,null,null,null,null,null,null,"HVWE57540"]
[null,4,3.2,1876.226544380188,null,null,null,null,null,null,null,null,null,null,null,null,null,null,null,null,null,null,null,null,"L",5504.4025182724,null,null,null,null,null,null,null,null,null,null,null,null,null,"HVNW17540"]
[null,null,4.1,2283.412665128708,null,null,null,null,null,null,null,null,null,null,null,null,null,null,null,null,null,null,null,"","",null,null,null,null,null,null,null,null,null,null,null,null,null,null,"HVNW27540"]
[null,5,4.2,2694.6439146995544,null,null,null,null,null,null,null,null,null,null,null,null,null,null,null,null,null,null,null,"","",null,null,null,null,null,null,null,null,null,null,null,null,null,null,"HVNW37540"]
[null,5,5.1,3328.1605541706085,null,null,null,null,null,null,null,null,null,null,null,null,null,null,null,null,null,null,null,null,null,null,null,null,null,null,null,null,null,null,null,null,null,null,null,"HVNW47540"]
[null,null,5.2,3927.6106357574463,null,null,null,null,null,null,null,null,null,null,null,null,null,null,null,null,null,null,null,null,null,null,null,null,null,null,null,null,null,null,null,null,null,null,null,"HVNW57540"]
[null,6,6.1,4262.050002813339,null,null,null,null,null,null,null,null,null,null,null,null,null,null,null,null,null,null,null,null,null,null,null,null,null,null,null,null,null,null,null,null,null,null,null,"SPWEA140"]
[null,6,6.2,4758.73190164566,null,null,null,null,null,null,null,null,null,null,null,null,null,null,null,null,null,null,null,null,null,null,null,null,null,null,null,null,null,null,null,null,null,null,null,"SPWEA240"]
[null,null,7.1,5135.896593332291,null,null,null,null,null,null,null,null,null,null,null,null,null,null,null,null,null,null,null,null,null,null,null,null,null,null,null,null,null,null,null,null,null,null,null,"SPWEA340"]
[null,7,7.2,5504.4025182724,null,null,null,null,null,null,null,null,null,null,null,null,null,null,null,null,null,null,null,null,null,null,null,null,null,null,null,null,null,null,null,null,null,null,null,"SPWEA440"]
[null,7,null,null,null,null,null,null,null,null,null,null,null,null,null,null,null,null,null,null,null,null,null,null,null,null,null,null,null,null,null,null,null,null,null,null,null,null,null,"SPWEA540"]
[null,null,null,null,null,null,null,null,null,null,null,null,null,null,null,null,null,null,null,null,null,null,null,null,null,null,null,null,null,null,null,null,null,null,null,null,null,null,null,"SPWEA640"]
[null,null,null,null,null,null,null,null,null,"Street Inspector",null,null,null,null,null,null,null,null,null,null,null,null,null,null,null,null,null,null,null,null,null,null,null,null,null,null,null,null,null,"SPWEA740"]
[null,null,null,null,null,null,null,null,null,null,null,null,null,null,null,null,null,null,null,null,null,null,null,null,null,null,null,null,null,null,null,null,null,null,null,null,null,null,null,"SPWEA230"]
[null,null,null,null,null,null,null,null,null,null,null,null,null,null,null,null,null,null,null,null,null,null,null,null,null,null,null,null,null,null,null,null,null,null,null,null,null,null,null,"SPWEA330"]
[null,null,null,null,null,null,null,null,null,null,null,null,null,null,null,null,null,null,null,null,null,null,null,null,null,null,null,null,null,null,null,null,null,null,null,null,null,null,null,"SPWEA430"]
[null,null,null,null,null,null,null,null,null,null,null,null,null,null,null,null,null,null,null,null,null,null,null,null,null,null,null,null,null,null,null,null,null,null,null,null,null,null,null,"SPNWA130"]
[null,null,null,null,null,null,null,null,null,null,null,null,null,null,null,null,null,null,null,null,null,null,null,null,null,null,null,null,null,null,null,null,null,null,null,null,null,null,null,"SPNWA230"]
[null,null,null,null,null,null,null,null,null,null,null,null,null,null,null,null,null,null,null,null,null,null,null,null,null,null,null,null,null,null,null,null,null,null,null,null,null,null,null,"SPNWA330"]
[null,null,null,null,null,null,null,null,null,null,null,null,null,null,null,null,null,null,null,null,null,null,null,null,null,null,null,null,null,null,null,null,null,null,null,null,null,null,null,"SPNWA430"]
[null,null,null,null,null,null,null,null,null,null,null,null,null,null,null,null,null,null,null,null,null,null,null,null,null,null,null,null,null,null,null,null,null,null,null,null,null,null,null,"SPNWA530"]
[null,null,null,null,null,null,null,null,null,null,null,null,null,null,null,null,null,null,null,null,null,null,null,null,null,null,null,null,null,null,null,null,null,null,null,null,null,null,null,"SPNWA630"]
[null,null,null,null,null,null,null,null,null,null,null,null,null,null,null,null,null,null,null,null,null,null,null,null,null,null,null,null,null,null,null,null,null,null,null,null,null,null,null,"SPNWA730"]
[null,null,null,null,null,null,null,null,null,null,null,null,null,null,null,null,null,null,null,null,null,null,null,null,null,null,null,null,null,null,null,null,null,null,null,null,null,null,null,"SPWEB140"]
[null,null,null,null,null,null,null,null,null,null,null,null,null,null,null,null,null,null,null,null,null,null,null,null,null,null,null,null,null,null,null,null,null,null,null,null,null,null,null,"SPWEB240"]
[null,null,null,null,null,null,null,null,null,null,null,null,null,null,null,null,null,null,null,null,null,null,null,null,null,null,null,null,null,null,null,null,null,null,null,null,null,null,null,"SPWEB340"]
[null,null,null,null,null,null,null,null,null,null,null,null,null,null,null,null,null,null,null,null,null,null,null,null,null,null,null,null,null,null,null,null,null,null,null,null,null,null,null,"SPWEB440"]
[null,null,null,null,null,null,null,null,null,null,null,null,null,null,null,null,null,null,null,null,null,null,null,null,null,null,null,null,null,null,null,null,null,null,null,null,null,null,null,"SPWEB540"]
[null,null,null,null,null,null,null,null,null,null,null,null,null,null,null,null,null,null,null,null,null,null,null,null,null,null,null,null,null,null,null,null,null,null,null,null,null,null,null,"SPWEB640"]
[null,null,null,null,null,null,null,null,null,null,null,null,null,null,null,null,null,null,null,null,null,null,null,null,null,null,null,null,null,null,null,null,null,null,null,null,null,null,null,"SPWEB740"]
[null,null,null,null,null,null,null,null,null,null,null,null,null,null,null,null,null,null,null,null,null,null,null,null,null,null,null,null,null,null,null,null,null,null,null,null,null,null,null,"SPWEB230"]
[null,null,null,null,null,null,null,null,null,null,null,null,null,null,null,null,null,null,null,null,null,null,null,null,null,null,null,null,null,null,null,null,null,null,null,null,null,null,null,"SPWEB330"]
[null,null,null,null,null,null,null,null,null,null,null,null,null,null,null,null,null,null,null,null,null,null,null,null,null,null,null,null,null,null,null,null,null,null,null,null,null,null,null,"SPWEB430"]
[null,null,null,null,null,null,null,null,null,null,null,null,null,null,null,null,null,null,null,null,null,null,null,null,null,null,null,null,null,null,null,null,null,null,null,null,null,null,null,"SPNWB130"]
[null,null,null,null,null,null,null,null,null,null,null,null,null,null,null,null,null,null,null,null,null,null,null,null,null,null,null,null,null,null,null,null,null,null,null,null,null,null,null,"SPNWB230"]
[null,null,null,null,null,null,null,null,null,null,null,null,null,null,null,null,null,null,null,null,null,null,null,null,null,null,null,null,null,null,null,null,null,null,null,null,null,null,null,"SPNWB330"]
[null,null,null,null,null,null,null,null,null,null,null,null,null,null,null,null,null,null,null,null,null,null,null,null,null,null,null,null,null,null,null,null,null,null,null,null,null,null,null,"SPNWB430"]
[null,null,null,null,null,null,null,null,null,null,null,null,null,null,null,null,null,null,null,null,null,null,null,null,null,null,null,null,null,null,null,null,null,null,null,null,null,null,null,"SPNWB530"]
[null,null,null,null,null,null,null,null,null,null,null,null,null,null,null,null,null,null,null,null,null,null,null,null,null,null,null,null,null,null,null,null,null,null,null,null,null,null,null,"SPNWB630"]
[null,null,null,null,null,null,null,null,null,null,null,null,null,null,null,null,null,null,null,null,null,null,null,null,null,null,null,null,null,null,null,null,null,null,null,null,null,null,null,"SPNWB730"]
[null,null,null,null,null,null,null,null,null,null,null,null,null,null,null,null,null,null,null,null,null,null,null,null,null,null,null,null,null,null,null,null,null,null,null,null,null,null,null,"SPWEC140"]
[null,null,null,null,null,null,null,null,null,null,null,null,null,null,null,null,null,null,null,null,null,null,null,null,null,null,null,null,null,null,null,null,null,null,null,null,null,null,null,"SPWEC240"]
[null,null,null,null,null,null,null,null,null,null,null,null,null,null,null,null,null,null,null,null,null,null,null,null,null,null,null,null,null,null,null,null,null,null,null,null,null,null,null,"SPWEC340"]
[null,null,null,null,null,null,null,null,null,null,null,null,null,null,null,null,null,null,null,null,null,null,null,null,null,null,null,null,null,null,null,null,null,null,null,null,null,null,null,"SPWEC440"]
[null,null,null,null,null,null,null,null,null,null,null,null,null,null,null,null,null,null,null,null,null,null,null,null,null,null,null,null,null,null,null,null,null,null,null,null,null,null,null,"SPWEC540"]
[null,null,null,null,null,null,null,null,null,null,null,null,null,null,null,null,null,null,null,null,null,null,null,null,null,null,null,null,null,null,null,null,null,null,null,null,null,null,null,"SPWEC640"]
[null,null,null,null,null,null,null,null,null,null,null,null,null,null,null,null,null,null,null,null,null,null,null,null,null,null,null,null,null,null,null,null,null,null,null,null,null,null,null,"SPWEC740"]
[null,null,null,null,null,null,null,null,null,null,null,null,null,null,null,null,null,null,null,null,null,null,null,null,null,null,null,null,null,null,null,null,null,null,null,null,null,null,null,"SPWEC230"]
[null,null,null,null,null,null,null,null,null,null,null,null,null,null,null,null,null,null,null,null,null,null,null,null,null,null,null,null,null,null,null,null,null,null,null,null,null,null,null,"SPWEC330"]
[null,null,null,null,null,null,null,null,null,null,null,null,null,null,null,null,null,null,null,null,null,null,null,null,null,null,null,null,null,null,null,null,null,null,null,null,null,null,null,"SPWEC430"]
[null,null,null,null,null,null,null,null,null,null,null,null,null,null,null,null,null,null,null,null,null,null,null,null,null,null,null,null,null,null,null,null,null,null,null,null,null,null,null,"SPNWC130"]
[null,null,null,null,null,null,null,null,null,null,null,null,null,null,null,null,null,null,null,null,null,null,null,null,null,null,null,null,null,null,null,null,null,null,null,null,null,null,null,"SPNWC230"]
[null,null,null,null,null,null,null,null,null,null,null,null,null,null,null,null,null,null,null,null,null,null,null,null,null,null,null,null,null,null,null,null,null,null,null,null,null,null,null,"SPNWC330"]
[null,null,null,null,null,null,null,null,null,null,null,null,null,null,null,null,null,null,null,null,null,null,null,null,null,null,null,null,null,null,null,null,null,null,null,null,null,null,null,"SPNWC430"]
[null,null,null,null,null,null,null,null,null,null,null,null,null,null,null,null,null,null,null,null,null,null,null,null,null,null,null,null,null,null,null,null,null,null,null,null,null,null,null,"SPNWC530"]
[null,null,null,null,null,null,null,null,null,null,null,null,null,null,null,null,null,null,null,null,null,null,null,null,null,null,null,null,null,null,null,null,null,null,null,null,null,null,null,"SPNWC630"]
[null,null,null,null,null,null,null,null,null,null,null,null,null,null,null,null,null,null,null,null,null,null,null,null,null,null,null,null,null,null,null,null,null,null,null,null,null,null,null,"SPNWC730"]

{"sheet":"Metric Core ","index":4,"n_rows":91,"n_cols":45,"rows_kept":91,"cut":false,"hidden":true,"merged":[[35,7,38,12],[13,4,13,5],[13,6,13,7],[14,4,14,5],[14,6,14,7],[12,4,12,5],[8,6,8,7],[9,6,9,7],[10,6,10,7],[11,6,11,7],[12,6,12,7],[8,4,8,5],[9,4,9,5],[10,4,10,5],[11,4,11,5],[7,6,7,7],[6,4,6,5],[7,4,7,5],[4,4,4,5],[5,4,5,5],[4,6,4,7],[5,6,5,7],[41,10,42,12],[41,9,42,9],[0,32,1,34],[1,36,1,38],[4,11,4,12],[4,8,4,9],[5,8,5,9],[2,7,2,10],[15,6,15,7],[16,6,16,7]],"flags":["formulas_cached_only"]}
[null,null,null,null,null,null,null,null,null,null,null,null,null,null,null,null,null,null,null,null,null,null,null,null,null,null,null,null,null,null,null,null,"1st Core of Lot"]
[null,null,null,null,null,null,null,null,null,null,null,null,null,null,null,null,null,null,null,null,null,null,null,null,null,null,null,null,null,null,null,null,null,null,null,null,"2nd Core of Lot"]
[null,null,null,null,null,null,null,"BITUMINOUS CORING LOG",null,null,null,"(metric)",null,null,null,null,null,null,null,null,null,null,null,null,"Rem","Begin","End","Length",null,null,"Length",null,null,"Dist","Station",null,null,"Dist","Station"]
[null,null,"2006-07-31",null,null,null,null,null,null,null,null,null,null,"Date Paved",null,null,null,null,null,null,null,null,null,null,"Lot","Lot","Lot","This",null,null,"Left in",null,"Core","This","of",null,"Core","This","of"]
[null,null,null,"S.P.",null,null,"T. H.",null,null,null,"Engineer",null,null,"Day #",null,null,null,null,null,null,null,null,"Lot","Lane","Length","Station","Station","Lane",null,null,"Lane","Lane","Dist.","Lane","Core","Lane","Dist.","Lane","Core","Lane"]
[null,null,null,"Contractor",null,null,"Plant",null,null,null,null,null,null,"Date Cored",null,null,null,null,null,null,null,null,1,1,1194.3333333333333,1231,1451,220,"LOT 1",null,0,"Lane 1",635.6125711003939,220,"","Lane 1",1148.9899704058964,220,"","Lane 1"]
[null,null,null,"Lane","Lane Name",null,null,null,null,null,null,null,null,"MDR/Rec#",null,null,null,"Tons","Lots",null,"Direction",null,null,2,974.3333333333333,1576,2000,424,"LOT 1",null,0,"Lane 2",415.6125711003939,415.6125711003939,1991.6125711003938,"Lane 2",928.9899704058964,424,"","Lane 2"]
[null,null,null,"Lane 1","first",null,"Begin Station ",null,1231,"End Station ",1451,"Length Paved ",220,"Bid Price/Ton",null,null,null,0.1,0,null,1,null,null,3,550.3333333333333,3200,3750.333333333333,550.333333333333,"PARTIAL",null,816.666666666667,"Lane 3","","","","Lane 3",504.98997040589643,504.98997040589643,3704.989970405896,"Lane 3",null,null,null,"LV","LVWE15030"]
[null,null,null,"Lane 2","second",null,"Begin Station ",null,1576,"End Station ",2000,"Length Paved ",424,null,null,null,null,1,1,null,1,null,null,4,2.2737367544323206e-13,0,0,0,"",null,1155,"Lane 4","","","","Lane 4","","","","Lane 4",null,null,null,"LV-R","LVWE25030"]
[null,null,null,"Lane 3","third",null,"Begin Station ",null,3200,"End Station ",4567,"Length Paved ",1367,null,null,null,null,546,2,null,1,null,null,5,2.2737367544323206e-13,0,0,0,"",null,1000,"Lane 5","","","","Lane 5","","","","Lane 5",null,null,null,"MV","LVWE35030"]
[null,null,null,"Lane 4","fourth",null,"Begin Station ",null,5045,"End Station ",6200,"Length Paved ",1155,"Lift Paved",null,null,null,911,3,null,1,null,null,6,2.2737367544323206e-13,0,0,0,"",null,1000,"Lane 6","","","","Lane 6","","","","Lane 6",null,null,null,"MV-reduced","LVWE45030"]
[null,null,null,"Lane 5","fifth",null,"Begin Station ",null,7000,"End Station ",8000,"Length Paved ",1000,"Mix Spec",null,null,null,1456,4,null,1,null,null,7,2.2737367544323206e-13,0,0,0,"",null,1000,"Lane 7","","","","Lane 7","","","","Lane 7",null,null,null,"HV","LVWE55030"]
[null,null,null,"Lane 6","sixth",null,"Begin Station ",null,9000,"End Station ",10000,"Length Paved ",1000,"Mix Type",null,null,null,3276,5,null,1,null,null,8,2.2737367544323206e-13,0,0,0,"",null,1000,"Lane 8","","","","Lane 8","","","","Lane 8",null,null,null,"HV-reduced","LVNW15030"]
[null,null,null,"Lane 7","seventh",null,"Begin Station ",null,11000,"End Station ",12000,"Length Paved ",1000,null,null,null,null,4546,6,null,1,null,null,null,null,null,null,null,null,null,null,null,null,null,null,null,null,null,null,null,null,null,null,"SPNW","LVNW25030"]
[null,null,null,"Lane 8","eighth",null,"Begin Station ",null,13000,"End Station ",14000,"Length Paved ",1000,null,null,null,null,null,null,null,1,null,2,1,"",0,0,0,"",null,0,"Lane 1","","","","Lane 1","","","","Lane 1",null,null,null,"SPNW-rdcd","LVNW35030"]
[null,null,null,null,null,null,"Total Tons Paved",null,6000,"Lots Required",6,"Total Length Paved",7166,null,null,null,null,null,null,null,null,null,null,2,"",0,0,0,"",null,0,"Lane 2","","","","Lane 2","","","","Lane 2",null,null,null,"SPWE","LVNW45030"]
[null,null,null,null,null,null,"Tons Per Lot",null,1000,"Required Lot Length",1194.3333333333333,"Lane Width Paved",12,"MIX",null,null,null,null,null,null,null,null,null,3,1194.3333333333333,3750.333333333333,4567,816.666666666667,"PARTIAL",null,0,"Lane 3",243.23801134030023,243.23801134030023,3993.571344673633,"Lane 3",571.8272218704224,571.8272218704224,4322.160555203755,"Lane 3",null,null,null,"SPWE-rdcd","LVNW55030"]
[null,null,null,null,null,null,null,null,null,null,null,null,null,null,null,null,null,null,null,null,null,null,null,4,377.6666666666663,5045,5422.666666666666,377.66666666666606,"PARTIAL",null,777.3333333333339,"Lane 4","","","","Lane 4","","","","Lane 4",null,null,null,"SPWE-shldr","MVWE15035"]
[null,null,null,null,null,null,null,null,null,null,null,null,null,null,null,null,null,null,null,"Core","Pass","Station",null,5,2.2737367544323206e-13,0,0,0,"",null,1000,"Lane 5","","","","Lane 5","","","","Lane 5",null,null,null,"SPWE-sh-R","MVWE25035"]
[null,null,null,null,"Comp","Lot","Random","Lot","Distance","Lane","Lane","Station of","Random","Lane ","Offset of",null,null,null,null,"A","Lane 2",1991.6125711003938,null,6,2.2737367544323206e-13,0,0,0,"",null,1000,"Lane 6","","","","Lane 6","","","","Lane 6",null,null,null,null,"MVWE35035"]
[null,null,null,"CORE",null,"Tonnage","#","Length",null,null,"Name","Core","#","Width","Core",null,null,null,null,"B","Lane 3",3704.989970405896,null,7,2.2737367544323206e-13,0,0,0,"",null,1000,"Lane 7","","","","Lane 7","","","","Lane 7",null,null,null,null,"MVWE45035"]
[null,"Lot Number","Lot",1.1,null,null,0.5321902632713318,1194.3333333333333,635.6125711003939,"Lane 2","second",1991.6125711003938,0.720409095287323,12,8.644909143447876,null,null,null,null,"C ","Lane 3",3993.571344673633,null,8,2.2737367544323206e-13,0,0,0,"",null,1000,"Lane 8","","","","Lane 8","","","","Lane 8",null,null,null,null,"MVWE55035"]
[null,1,1,1.2,null,1000,0.9620345830917358,1194.3333333333333,1148.9899704058964,"Lane 3","third",3704.989970405896,0.6629573106765747,12,7.9554877281188965,null,null,null,null,"D","Lane 3",4322.160555203755,null,null,null,null,null,null,null,null,null,null,null,null,null,null,null,null,null,null,null,null,null,null,"MVNW15035"]
[null,1,"Lot",2.1,null,null,0.20366007089614868,1194.3333333333333,243.23801134030023,"Lane 3","third",3993.571344673633,0.10089188814163208,12,1.210702657699585,null,null,null,null,"E","Lane 4",5568.679351429144,3,1,"",0,0,0,"",null,0,"Lane 1","","","","Lane 1","","","","Lane 1",null,null,null,null,"MVNW25035"]
[null,null,2,2.2,null,1000,0.47878360748291016,1194.3333333333333,571.8272218704224,"Lane 3","third",4322.160555203755,0.5215089321136475,12,6.2581071853637695,null,null,null,null,"F","Lane 4",5968.9797488450995,null,2,"",0,0,0,"",null,0,"Lane 2","","","","Lane 2","","","","Lane 2",null,null,null,null,"MVNW35035"]
[null,2,"Lot",3.1,null,null,0.12225455045700073,1194.3333333333333,146.01268476247787,"Lane 4","fourth",5568.679351429144,0.9940785765647888,12,11.928942918777466,null,null,null,null,"G","Lane 5",7639.555103838443,null,3,"",0,0,0,"",null,0,"Lane 3","","","","Lane 3","","","","Lane 3",null,null,null,null,"MVNW45035"]
[null,2,3,3.2,null,1000,0.4574209451675415,1194.3333333333333,546.3130821784337,"Lane 4","fourth",5968.9797488450995,0.10752809047698975,12,1.290337085723877,null,null,null,null,"H","Lane 5",7733.685824950535,null,4,1194.3333333333333,5422.666666666666,6200,777.3333333333339,"PARTIAL",null,0,"Lane 4",146.01268476247787,146.01268476247787,5568.679351429144,"Lane 4",546.3130821784337,546.3130821784337,5968.9797488450995,"Lane 4",null,null,null,null,"MVNW55035"]
[null,null,"Lot",4.1,null,null,0.1863425374031067,1194.3333333333333,222.55510383844376,"Lane 5","fifth",7639.555103838443,0.03275877237319946,12,0.39310526847839355,null,null,null,null,"I","Lane 7",11522.770208855469,null,5,416.9999999999993,7000,7416.999999999999,416.9999999999991,"PARTIAL",null,583.0000000000009,"Lane 5","","","","Lane 5","","","","Lane 5",null,null,null,null,"HVWE17540"]
[null,3,4,4.2,null,1000,0.26515698432922363,1194.3333333333333,316.6858249505361,"Lane 5","fifth",7733.685824950535,0.2570667266845703,12,3.0848007202148438,null,null,null,null,"J","Lane 7",11250.040509899456,null,6,2.2737367544323206e-13,0,0,0,"",null,1000,"Lane 6","","","","Lane 6","","","","Lane 6"]
[null,3,"Lot",5.1,null,null,0.7631344199180603,1194.3333333333333,911.4368755221366,"Lane 7","seventh",11522.770208855469,0.31856364011764526,12,3.822763681411743,null,null,null,null,"K","Lane 8",13385.419726192951,null,7,2.2737367544323206e-13,0,0,0,"",null,1000,"Lane 7","","","","Lane 7","","","","Lane 7"]
[null,null,5,5.2,null,1000,0.5347813367843628,1194.3333333333333,638.707176566124,"Lane 7","seventh",11250.040509899456,0.6029144525527954,12,7.234973430633545,null,null,null,null,"L","Lane 8",13245.091957887013,null,8,2.2737367544323206e-13,0,0,0,"",null,1000,"Lane 8","","","","Lane 8","","","","Lane 8",null,null,null,null,"HVWE27540"]
[null,4,"Lot",6.1,null,null,0.4854198098182678,1194.3333333333333,579.7530595262845,"Lane 8","eighth",13385.419726192951,0.01544123888015747,12,0.18529486656188965,null,null,null,null,"M","","",null,null,null,null,null,null,null,null,null,null,null,null,null,null,null,null,null,null,null,null,null,null,"HVWE37540"]
[null,4,6,6.2,null,1000,0.36792516708374023,1194.3333333333333,439.42529122034705,"Lane 8","eighth",13245.091957887013,0.04344010353088379,12,0.5212812423706055,null,null,null,null,"N","","",4,1,"",0,0,0,"",null,0,"Lane 1","","","","Lane 1","","","","Lane 1"]
[null,null,null,null,null,null,null,null,null,null,null,null,null,null,null,null,null,null,null,null,null,null,null,2,"",0,0,0,"",null,0,"Lane 2","","","","Lane 2","","","","Lane 2",null,null,null,null,"HVWE47540"]
[null,5,null," Daily Production",null,null,null,"Remarks",null,null,null,null,null,null,null,null,null,null,null,null,null,null,null,3,"",0,0,0,"",null,0,"Lane 3","","","","Lane 3","","","","Lane 3",null,null,null,null,"HVWE57540"]
[null,5,null,"Metric Tons","Lot",null,null,null,null,null,null,null,null,null,null,null,null,null,null,null,null,null,null,4,"",0,0,0,"",null,0,"Lane 4","","","","Lane 4","","","","Lane 4",null,null,null,null,"HVNW17540"]
[null,null,null,"0-545",1,null,null,null,null,null,null,null,null,null,null,null,null,null,null,null,null,null,null,5,1194.3333333333333,7416.999999999999,8000,583.0000000000009,"PARTIAL",null,0,"Lane 5",222.55510383844376,222.55510383844376,7639.555103838443,"Lane 5",316.6858249505361,316.6858249505361,7733.685824950535,"Lane 5",null,null,null,null,"HVNW27540"]
[null,6,null,"546-910",2,null,null,null,null,null,null,null,null,null,null,null,null,null,null,null,null,null,null,6,611.3333333333323,9000,9611.333333333332,611.3333333333321,"PARTIAL",null,388.6666666666679,"Lane 6","","","","Lane 6","","","","Lane 6",null,null,null,null,"HVNW37540"]
[null,6,null,"911-1455",3,null,null,null,null,null,null,null,null,null,null,null,null,null,null,null,null,null,null,7,2.2737367544323206e-13,0,0,0,"",null,1000,"Lane 7","","","","Lane 7","","","","Lane 7",null,null,null,null,"HVNW47540"]
[null,null,null,"1456-3275",4,null,null,null,null,null,null,null,null,null,null,null,null,null,null,null,null,null,null,8,2.2737367544323206e-13,0,0,0,"",null,1000,"Lane 8","","","","Lane 8","","","","Lane 8",null,null,null,null,"HVNW57540"]
[null,7,null,"3276-4545",5,null,null,null,null,null,null,null,null,null,null,null,null,null,null,null,null,null,null,null,null,null,null,null,null,null,null,null,null,null,null,null,null,null,null,null,null,null,null,null,"SPWEA140"]
[null,7,null,">4545",6,null,null,null,null,"Street Inspector",null,null,null,null,null,null,null,null,null,null,null,null,5,1,"",0,0,0,"",null,0,"Lane 1","","","","Lane 1","","","","Lane 1",null,null,null,null,"SPWEA240"]
[null,null,null,"#  0F COMPANIONS CORES =50% TOTAL CORES",null,null,null,null,null,null,null,null,null,null,null,null,null,null,null,null,null,null,null,2,"",0,0,0,"",null,0,"Lane 2","","","","Lane 2","","","","Lane 2",null,null,null,null,"SPWEA340"]
[null,null,null,null,null,null,null,null,null,null,null,null,null,null,null,null,null,null,null,null,null,null,null,3,"",0,0,0,"",null,0,"Lane 3","","","","Lane 3","","","","Lane 3",null,null,null,null,"SPWEA440"]
[null,null,null,null,null,null,null,null,null,null,null,null,null,null,null,null,null,null,null,null,null,null,null,4,"",0,0,0,"",null,0,"Lane 4","","","","Lane 4","","","","Lane 4",null,null,null,null,"SPWEA540"]
[null,null,null,null,null,null,null,null,null,null,null,null,null,null,null,null,null,null,null,null,null,null,null,5,"",0,0,0,"",null,0,"Lane 5","","","","Lane 5","","","","Lane 5",null,null,null,null,"SPWEA640"]
[null,null,null,null,null,null,null,null,null,null,null,null,null,null,null,null,null,null,null,null,null,null,null,6,1194.3333333333333,9611.333333333332,10000,388.6666666666679,"PARTIAL",null,0,"Lane 6",911.4368755221366,388.6666666666679,"","Lane 6",638.707176566124,388.6666666666679,"","Lane 6",null,null,null,null,"SPWEA740"]
[null,null,null,null,null,null,null,null,null,null,null,null,null,null,null,null,null,null,null,null,null,null,null,7,805.6666666666654,11000,11805.666666666666,805.6666666666661,"PARTIAL",null,194.33333333333394,"Lane 7",522.7702088554687,522.7702088554687,11522.770208855469,"Lane 7",250.04050989945608,250.04050989945608,11250.040509899456,"Lane 7",null,null,null,null,"SPWEA230"]
[null,null,null,null,null,null,null,null,null,null,null,null,null,null,null,null,null,null,null,null,null,null,null,8,6.821210263296962e-13,0,0,0,"",null,1000,"Lane 8","","","","Lane 8","","","","Lane 8",null,null,null,null,"SPWEA330"]
[null,null,null,null,null,null,null,null,null,null,null,null,null,null,null,null,null,null,null,null,null,null,null,null,null,null,null,null,null,null,null,null,null,null,null,null,null,null,null,null,null,null,null,null,"SPWEA430"]
[null,null,null,null,null,null,null,null,null,null,null,null,null,null,null,null,null,null,null,null,null,null,6,1,"",0,0,0,"",null,0,"Lane 1","","","","Lane 1","","","","Lane 1",null,null,null,null,"SPNWA130"]
[null,null,null,null,null,null,null,null,null,null,null,null,null,null,null,null,null,null,null,null,null,null,null,2,"",0,0,0,"",null,0,"Lane 2","","","","Lane 2","","","","Lane 2",null,null,null,null,"SPNWA230"]
[null,null,null,null,null,null,null,null,null,null,null,null,null,null,null,null,null,null,null,null,null,null,null,3,"",0,0,0,"",null,0,"Lane 3","","","","Lane 3","","","","Lane 3",null,null,null,null,"SPNWA330"]
[null,null,null,null,null,null,null,null,null,null,null,null,null,null,null,null,null,null,null,null,null,null,null,4,"",0,0,0,"",null,0,"Lane 4","","","","Lane 4","","","","Lane 4",null,null,null,null,"SPNWA430"]
[null,null,null,null,null,null,null,null,null,null,null,null,null,null,null,null,null,null,null,null,null,null,null,5,"",0,0,0,"",null,0,"Lane 5","","","","Lane 5","","","","Lane 5",null,null,null,null,"SPNWA530"]
[null,null,null,null,null,null,null,null,null,null,null,null,null,null,null,null,null,null,null,null,null,null,null,6,"",0,0,0,"",null,0,"Lane 6","","","","Lane 6","","","","Lane 6",null,null,null,null,"SPNWA630"]
[null,null,null,null,null,null,null,null,null,null,null,null,null,null,null,null,null,null,null,null,null,null,null,7,1194.3333333333333,11805.666666666666,12000,194.33333333333394,"PARTIAL",null,0,"Lane 7",579.7530595262845,194.33333333333394,"","Lane 7",439.42529122034705,194.33333333333394,"","Lane 7",null,null,null,null,"SPNWA730"]
[null,null,null,null,null,null,null,null,null,null,null,null,null,null,null,null,null,null,null,null,null,null,null,8,999.9999999999993,13000,14000,1000,"LOT 6",null,0,"Lane 8",385.4197261929505,385.4197261929505,13385.419726192951,"Lane 8",245.0919578870131,245.0919578870131,13245.091957887013,"Lane 8",null,null,null,null,"SPWEB140"]
[null,null,null,null,null,null,null,null,null,null,null,null,null,null,null,null,null,null,null,null,null,null,null,null,null,null,null,null,null,null,null,null,null,null,null,null,null,null,null,null,null,null,null,null,"SPWEB240"]
[null,null,null,null,null,null,null,null,null,null,null,null,null,null,null,null,null,null,null,null,null,null,7,1,"",0,0,0,"",null,0,"Lane 1","","","","Lane 1","","","","Lane 1",null,null,null,null,"SPWEB340"]
[null,null,null,null,null,null,null,null,null,null,null,null,null,null,null,null,null,null,null,null,null,null,null,2,"",0,0,0,"",null,0,"Lane 2","","","","Lane 2","","","","Lane 2",null,null,null,null,"SPWEB440"]
[null,null,null,null,null,null,null,null,null,null,null,null,null,null,null,null,null,null,null,null,null,null,null,3,"",0,0,0,"",null,0,"Lane 3","","","","Lane 3","","","","Lane 3",null,null,null,null,"SPWEB540"]
[null,null,null,null,null,null,null,null,null,null,null,null,null,null,null,null,null,null,null,null,null,null,null,4,"",0,0,0,"",null,0,"Lane 4","","","","Lane 4","","","","Lane 4",null,null,null,null,"SPWEB640"]
[null,null,null,null,null,null,null,null,null,null,null,null,null,null,null,null,null,null,null,null,null,null,null,5,"",0,0,0,"",null,0,"Lane 5","","","","Lane 5","","","","Lane 5",null,null,null,null,"SPWEB740"]
[null,null,null,null,null,null,null,null,null,null,null,null,null,null,null,null,null,null,null,null,null,null,null,6,"",0,0,0,"",null,0,"Lane 6","","","","Lane 6","","","","Lane 6",null,null,null,null,"SPWEB230"]
[null,null,null,null,null,null,null,null,null,null,null,null,null,null,null,null,null,null,null,null,null,null,null,null,null,null,null,null,null,null,null,null,null,null,null,null,null,null,null,null,null,null,null,null,"SPWEB330"]
[null,null,null,null,null,null,null,null,null,null,null,null,null,null,null,null,null,null,null,null,null,null,null,null,null,null,null,null,null,null,null,null,null,null,null,null,null,null,null,null,null,null,null,null,"SPWEB430"]
[null,null,null,null,null,null,null,null,null,null,null,null,null,null,null,null,null,null,null,null,null,null,null,null,null,null,null,null,null,null,null,null,null,null,null,null,null,null,null,null,null,null,null,null,"SPNWB130"]
[null,null,null,null,null,null,null,null,null,null,null,null,null,null,null,null,null,null,null,null,null,null,null,null,null,null,null,null,null,null,null,null,null,null,null,null,null,null,null,null,null,null,null,null,"SPNWB230"]
[null,null,null,null,null,null,null,null,null,null,null,null,null,null,null,null,null,null,null,null,null,null,null,null,null,null,null,null,null,null,null,null,null,null,null,null,null,null,null,null,null,null,null,null,"SPNWB330"]
[null,null,null,null,null,null,null,null,null,null,null,null,null,null,null,null,null,null,null,null,null,null,null,null,null,null,null,null,null,null,null,null,null,null,null,null,null,null,null,null,null,null,null,null,"SPNWB430"]
[null,null,null,null,null,null,null,null,null,null,null,null,null,null,null,null,null,null,null,null,null,null,null,null,null,null,null,null,null,null,null,null,null,null,null,null,null,null,null,null,null,null,null,null,"SPNWB530"]
[null,null,null,null,null,null,null,null,null,null,null,null,null,null,null,null,null,null,null,null,null,null,null,null,null,null,null,null,null,null,null,null,null,null,null,null,null,null,null,null,null,null,null,null,"SPNWB630"]
[null,null,null,null,null,null,null,null,null,null,null,null,null,null,null,null,null,null,null,null,null,null,null,null,null,null,null,null,null,null,null,null,null,null,null,null,null,null,null,null,null,null,null,null,"SPNWB730"]
[null,null,null,null,null,null,null,null,null,null,null,null,null,null,null,null,null,null,null,null,null,null,null,null,null,null,null,null,null,null,null,null,null,null,null,null,null,null,null,null,null,null,null,null,"SPWEC140"]
[null,null,null,null,null,null,null,null,null,null,null,null,null,null,null,null,null,null,null,null,null,null,null,null,null,null,null,null,null,null,null,null,null,null,null,null,null,null,null,null,null,null,null,null,"SPWEC240"]
[null,null,null,null,null,null,null,null,null,null,null,null,null,null,null,null,null,null,null,null,null,null,null,null,null,null,null,null,null,null,null,null,null,null,null,null,null,null,null,null,null,null,null,null,"SPWEC340"]
[null,null,null,null,null,null,null,null,null,null,null,null,null,null,null,null,null,null,null,null,null,null,null,null,null,null,null,null,null,null,null,null,null,null,null,null,null,null,null,null,null,null,null,null,"SPWEC440"]
[null,null,null,null,null,null,null,null,null,null,null,null,null,null,null,null,null,null,null,null,null,null,null,null,null,null,null,null,null,null,null,null,null,null,null,null,null,null,null,null,null,null,null,null,"SPWEC540"]
[null,null,null,null,null,null,null,null,null,null,null,null,null,null,null,null,null,null,null,null,null,null,null,null,null,null,null,null,null,null,null,null,null,null,null,null,null,null,null,null,null,null,null,null,"SPWEC640"]
[null,null,null,null,null,null,null,null,null,null,null,null,null,null,null,null,null,null,null,null,null,null,null,null,null,null,null,null,null,null,null,null,null,null,null,null,null,null,null,null,null,null,null,null,"SPWEC740"]
[null,null,null,null,null,null,null,null,null,null,null,null,null,null,null,null,null,null,null,null,null,null,null,null,null,null,null,null,null,null,null,null,null,null,null,null,null,null,null,null,null,null,null,null,"SPWEC230"]
[null,null,null,null,null,null,null,null,null,null,null,null,null,null,null,null,null,null,null,null,null,null,null,null,null,null,null,null,null,null,null,null,null,null,null,null,null,null,null,null,null,null,null,null,"SPWEC330"]
[null,null,null,null,null,null,null,null,null,null,null,null,null,null,null,null,null,null,null,null,null,null,null,null,null,null,null,null,null,null,null,null,null,null,null,null,null,null,null,null,null,null,null,null,"SPWEC430"]
[null,null,null,null,null,null,null,null,null,null,null,null,null,null,null,null,null,null,null,null,null,null,null,null,null,null,null,null,null,null,null,null,null,null,null,null,null,null,null,null,null,null,null,null,"SPNWC130"]
[null,null,null,null,null,null,null,null,null,null,null,null,null,null,null,null,null,null,null,null,null,null,null,null,null,null,null,null,null,null,null,null,null,null,null,null,null,null,null,null,null,null,null,null,"SPNWC230"]
[null,null,null,null,null,null,null,null,null,null,null,null,null,null,null,null,null,null,null,null,null,null,null,null,null,null,null,null,null,null,null,null,null,null,null,null,null,null,null,null,null,null,null,null,"SPNWC330"]
[null,null,null,null,null,null,null,null,null,null,null,null,null,null,null,null,null,null,null,null,null,null,null,null,null,null,null,null,null,null,null,null,null,null,null,null,null,null,null,null,null,null,null,null,"SPNWC430"]
[null,null,null,null,null,null,null,null,null,null,null,null,null,null,null,null,null,null,null,null,null,null,null,null,null,null,null,null,null,null,null,null,null,null,null,null,null,null,null,null,null,null,null,null,"SPNWC530"]
[null,null,null,null,null,null,null,null,null,null,null,null,null,null,null,null,null,null,null,null,null,null,null,null,null,null,null,null,null,null,null,null,null,null,null,null,null,null,null,null,null,null,null,null,"SPNWC630"]
[null,null,null,null,null,null,null,null,null,null,null,null,null,null,null,null,null,null,null,null,null,null,null,null,null,null,null,null,null,null,null,null,null,null,null,null,null,null,null,null,null,null,null,null,"SPNWC730"]

{"sheet":"CORE WKST","index":5,"n_rows":41,"n_cols":15,"rows_kept":41,"cut":false,"hidden":true,"merged":[[15,6,15,8],[2,5,2,9],[4,2,4,3],[4,7,4,8],[6,2,6,3],[5,6,5,7],[4,13,4,14],[4,10,4,11],[5,9,5,10],[6,8,6,9],[6,10,6,11],[19,6,19,8],[23,6,23,8],[39,11,39,13],[40,11,40,13],[27,6,27,8],[31,6,31,8],[35,6,35,8],[40,0,40,6]],"flags":["formulas_cached_only"]}
["2006-07-31",null,"TIME IN"]
[null,null,"TIME OUT"]
[null,null,null,null,null,"      CORE       WORKSHEET             "]
[]
[null,"S.P.",null,null,"T.H.",null,"Contractor",null,null,"Engineer",null,null,"MDR/Rec #"]
[null,"Paved",null,"Cored",null,"Mix Type",null,null,"Test #",null,null,"Tons",null,"# of Lots"]
[null,"Plant","v",null,null,"Mix Spec",null,null,"Date Cores Tested"]
[null,null,"A","B","C","D","E","F","G","H","I","J","K","L","M"]
[null,null,null,null,null,null,null,null,null,null,"%  WATER",null,"AVE. ","MAX.","FINAL DENSITY"]
["LOT","CORE #","AIR DRY","CORE/PAN","PAN ID.","PAN WT.","DRY WT.","SSD WT.","IMM. WT.","Thickness","ABSORBED","Sp GRAV.","Sp GRAV.","GRAVITY","% 0F MAXIMUM "]
[null,null,"CORE","(or dry wt.)",null,null,null,null,null,"(mm)/in","(F-(A-E)-E)*100",null,null,null,"Sp GRAV."]
[null,null,null,null,null,null,"(B-D)",null,null,null,"(F-(A-E))-(G-(A-E))","E/(F-G)","(J1+J2)/2",null,"(K/L)*100"]
[null,0.1,null,null,null,null,0,null,null,null,{"$error":"#DIV/0!"},{"$error":"#DIV/0!"},{"$error":"#DIV/0!"},null,{"$error":"#DIV/0!"}]
[null,0.2,null,null,null,null,0,null,null,null,{"$error":"#DIV/0!"},{"$error":"#DIV/0!"}]
["COMP"]
[null,null,null,null,null,null,"Average thickness of cores=",null,null,0]
[1,1.1,null,null,null,null,0,null,null,null,{"$error":"#DIV/0!"},{"$error":"#DIV/0!"},{"$error":"#DIV/0!"},null,{"$error":"#DIV/0!"}]
[null,1.2,null,null,null,null,0,null,null,null,{"$error":"#DIV/0!"},{"$error":"#DIV/0!"}]
["COMP"]
[null,null,null,null,null,null,"Average thickness of cores=",null,null,0]
[2,2.1,null,null,null,null,0,null,null,null,{"$error":"#DIV/0!"},{"$error":"#DIV/0!"},{"$error":"#DIV/0!"},null,{"$error":"#DIV/0!"}]
[null,2.2,null,null,null,null,0,null,null,null,{"$error":"#DIV/0!"},{"$error":"#DIV/0!"}]
["COMP"]
[null,null,null,null,null,null,"Average thickness of cores=",null,null,0]
[3,3.1,null,null,null,null,0,null,null,null,{"$error":"#DIV/0!"},{"$error":"#DIV/0!"},{"$error":"#DIV/0!"},null,{"$error":"#DIV/0!"}]
[null,3.2,null,null,null,null,0,null,null,null,{"$error":"#DIV/0!"},{"$error":"#DIV/0!"}]
["COMP"]
[null,null,null,null,null,null,"Average thickness of cores=",null,null,0]
[4,4.1,null,null,null,null,0,null,null,null,{"$error":"#DIV/0!"},{"$error":"#DIV/0!"},{"$error":"#DIV/0!"},null,{"$error":"#DIV/0!"}]
[null,4.2,null,null,null,null,0,null,null,null,{"$error":"#DIV/0!"},{"$error":"#DIV/0!"}]
["COMP"]
[null,null,null,null,null,null,"Average thickness of cores=",null,null,0]
[5,5.1,null,null,null,null,0,null,null,null,{"$error":"#DIV/0!"},{"$error":"#DIV/0!"},{"$error":"#DIV/0!"},null,{"$error":"#DIV/0!"}]
[null,5.2,null,null,null,null,0,null,null,null,{"$error":"#DIV/0!"},{"$error":"#DIV/0!"}]
["COMP"]
[null,null,null,null,null,null,"Average thickness of cores=",null,null,0]
[]
[null,null,null,null,null,null,null,null,null,null,"PUT COMPANON CORE VALUE "]
[" COMPANION  CORE,  TESTED BY Mn/DOT,  SP. GRAVITY NOT INCLUDED IN AVERAGE. CHECK .030 TOLERANCE."]
["( 1 )  SEE SPECIFICATION 2350.6B2 OR 2360.5B1.",null,null,null,null,null,null,null,null,null,"Signature QC"]
["Mosture Calculation is using AASHTO T-166 Method C(Mn/DOT modified)",null,null,null,null,null,null,null,null,null,"Signature QA"]

{"sheet":"BLANK CORE LOG","index":6,"n_rows":79,"n_cols":47,"rows_kept":79,"cut":false,"hidden":true,"merged":[[41,11,42,12],[41,10,42,10],[1,8,1,11],[10,5,10,6],[11,5,11,6],[12,5,12,6],[6,5,6,6],[7,5,7,6],[8,5,8,6],[9,5,9,6],[8,7,8,8],[15,7,15,8],[16,7,16,8],[9,7,9,8],[10,7,10,8],[11,7,11,8],[12,7,12,8],[38,3,38,4],[0,33,1,35],[1,37,1,39],[5,9,5,10],[4,12,4,13],[4,7,4,8],[4,9,4,10],[5,7,5,8],[4,4,4,6],[7,7,7,8],[12,3,12,4],[35,3,35,4],[36,3,36,4],[37,3,37,4],[13,3,13,4],[5,4,5,6],[39,3,39,4],[40,3,40,4],[41,3,41,4],[6,3,6,4],[7,3,7,4],[8,3,8,4],[9,3,9,4],[10,3,10,4],[11,3,11,4],[13,5,13,6],[13,7,13,8],[14,3,14,4],[14,5,14,6],[14,7,14,8]],"flags":["formulas_cached_only"]}
[null,null,null,null,null,null,null,null,null,null,null,null,null,null,null,null,null,null,null,null,null,null,null,null,null,null,null,null,null,null,null,null,null,"1st Core of Lot"]
[null,null,null,null,null,null,null,null,"BITUMINOUS CORING LOG",null,null,null,null,null,null,null,null,null,null,null,null,null,null,null,null,null,null,null,null,null,null,null,null,null,null,null,null,"2nd Core of Lot"]
[null,null,null,null,null,null,null,null,null,null,null,null,null,null,null,null,null,null,null,null,null,null,null,null,null,"Rem","Begin","End","Length",null,null,"Length",null,null,"Dist","Station",null,null,"Dist","Station"]
[null,null,null,null,null,null,null,null,null,null,null,null,null,null,"Date Paved",null,null,null,null,null,null,null,null,null,null,"Lot","Lot","Lot","This",null,null,"Left in",null,"Core","This","of",null,"Core","This","of"]
[null,null,null,"S.P.",null,null,null,"T. H.",null,null,null,"Engineer",null,null,"Day #",null,null,null,null,null,null,null,null,"Lot","Lane","Length","Station","Station","Lane",null,null,"Lane","Lane","Dist.","Lane","Core","Lane","Dist.","Lane","Core","Lane"]
[null,null,null,"Contractor",null,null,null,"Plant",null,null,null,null,null,null,"Date Cored",null,null,null,null,null,null,null,null,1,1,0,0,0,0,"",null,0,"Lane 1",0,0,"","Lane 1",0,0,"","Lane 1"]
[null,null,null,"Lane",null,"Lane Name",null,null,null,null,null,null,null,null,"MDR/Rec#",null,null,null,"Tons","Lots",null,"Direction",null,null,2,"",0,{"$error":"#VALUE!"},{"$error":"#VALUE!"},"",null,0,"Lane 2",{"$error":"#VALUE!"},{"$error":"#VALUE!"},{"$error":"#VALUE!"},"Lane 2",{"$error":"#VALUE!"},{"$error":"#VALUE!"},{"$error":"#VALUE!"},"Lane 2",null,null,null,1]
[null,null,null,"Lane 1",null,null,null,"Begin Station ",null,null,"End Station ",null,"Length Paved ",null,"Bid Price/Ton",null,null,null,0.1,0,null,0,null,null,3,"",0,{"$error":"#VALUE!"},{"$error":"#VALUE!"},"",null,0,"Lane 3",{"$error":"#VALUE!"},{"$error":"#VALUE!"},{"$error":"#VALUE!"},"Lane 3",{"$error":"#VALUE!"},{"$error":"#VALUE!"},{"$error":"#VALUE!"},"Lane 3",null,null,null,"LV",null,"LVWE15030"]
[null,null,null,"Lane 2",null,null,null,"Begin Station ",null,null,"End Station ",null,"Length Paved ",null,null,null,null,null,1,1,null,0,null,null,4,"",0,{"$error":"#VALUE!"},{"$error":"#VALUE!"},"",null,0,"Lane 4",{"$error":"#VALUE!"},{"$error":"#VALUE!"},{"$error":"#VALUE!"},"Lane 4",{"$error":"#VALUE!"},{"$error":"#VALUE!"},{"$error":"#VALUE!"},"Lane 4",null,null,null,"LV-R",null,"LVWE25030"]
[null,null,null,"Lane 3",null,null,null,"Begin Station ",null,null,"End Station ",null,"Length Paved ",null,null,null,null,null,601,2,null,0,null,null,5,"",0,{"$error":"#VALUE!"},{"$error":"#VALUE!"},"",null,0,"Lane 5",{"$error":"#VALUE!"},{"$error":"#VALUE!"},{"$error":"#VALUE!"},"Lane 5",{"$error":"#VALUE!"},{"$error":"#VALUE!"},{"$error":"#VALUE!"},"Lane 5",null,null,null,"MV",null,"LVWE35030"]
[null,null,null,"Lane 4",null,null,null,"Begin Station ",null,null,"End Station ",null,"Length Paved ",null,"Lift Paved",null,null,null,1001,3,null,0,null,null,6,"",0,{"$error":"#VALUE!"},{"$error":"#VALUE!"},"",null,0,"Lane 6",{"$error":"#VALUE!"},{"$error":"#VALUE!"},{"$error":"#VALUE!"},"Lane 6",{"$error":"#VALUE!"},{"$error":"#VALUE!"},{"$error":"#VALUE!"},"Lane 6",null,null,null,"MV-R",null,"LVWE45030"]
[null,null,null,"Lane 5",null,null,null,"Begin Station ",null,null,"End Station ",null,"Length Paved ",null,"Mix Spec",null,null,null,1601,4,null,0,null,null,7,"",0,{"$error":"#VALUE!"},{"$error":"#VALUE!"},"",null,0,"Lane 7",{"$error":"#VALUE!"},{"$error":"#VALUE!"},{"$error":"#VALUE!"},"Lane 7",{"$error":"#VALUE!"},{"$error":"#VALUE!"},{"$error":"#VALUE!"},"Lane 7",null,null,null,"HV",null,"LVWE55030"]
[null,null,null,"Lane 6",null,null,null,"Begin Station ",null,null,"End Station ",null,"Length Paved ",null,"Mix Type",null,null,null,3601,5,null,0,null,null,8,"",0,{"$error":"#VALUE!"},{"$error":"#VALUE!"},"",null,0,"Lane 8",{"$error":"#VALUE!"},{"$error":"#VALUE!"},{"$error":"#VALUE!"},"Lane 8",{"$error":"#VALUE!"},{"$error":"#VALUE!"},{"$error":"#VALUE!"},"Lane 8",null,null,null,"HV-R",null,"LVNW15030"]
[null,null,null,"Lane 7",null,null,null,"Begin Station ",null,null,"End Station ",null,"Length Paved ",null,null,null,null,null,5001,6,null,0,null,null,null,null,null,null,null,null,null,null,null,null,null,null,null,null,null,null,null,null,null,null,"SPNW",null,"LVNW25030"]
[null,null,null,"Lane 8",null,null,null,"Begin Station ",null,null,"End Station ",null,"Length Paved ",null,null,null,null,null,null,null,null,0,null,2,1,"",0,0,0,"",null,0,"Lane 1","","","","Lane 1","","","","Lane 1",null,null,null,"SPNW-R",null,"LVNW35030"]
[null,null,null,null,null,null,null,"Total Tons Paved",null,null,"Lots Required",null,"Total Length Paved",null,null,null,null,null,null,null,null,null,null,null,2,"",0,0,0,"",null,0,"Lane 2","","","","Lane 2","","","","Lane 2",null,null,null,"SPWE",null,"LVNW45030"]
[null,null,null,null,null,null,null,"Tons Per Lot",null,null,"Required Lot Length",null,"Lane Width Paved",null,"MIX",null,null,null,null,null,null,null,null,null,3,"",0,0,0,"",null,0,"Lane 3","","","","Lane 3","","","","Lane 3",null,null,null,"SPWE-R",null,"LVNW55030"]
[null,null,null,null,null,null,null,null,null,null,null,null,null,null,null,null,null,null,null,null,null,null,null,null,4,"",0,0,0,"",null,0,"Lane 4","","","","Lane 4","","","","Lane 4",null,null,null,null,null,"MVWE15035"]
[null,null,null,null,null,null,null,null,null,null,null,null,null,null,null,null,null,null,null,null,"Core","Pass","Station",null,5,"",0,0,0,"",null,0,"Lane 5","","","","Lane 5","","","","Lane 5",null,null,null,null,null,"MVWE25035"]
[null,null,null,null,null,"Comp","Lot","Random","Lot","Distance","Lane","Lane","Station of","Random","Lane ","Offset of",null,null,null,null,"A",{"$error":"#N/A"},{"$error":"#N/A"},null,6,"",0,0,0,"",null,0,"Lane 6","","","","Lane 6","","","","Lane 6",null,null,null,null,null,"MVWE35035"]
[null,null,null,null,null,null,"Tonnage","#","Length",null,null,"Name","Core","#","Width","Core",null,null,null,null,"B",{"$error":"#N/A"},{"$error":"#N/A"},null,7,"",0,0,0,"",null,0,"Lane 7","","","","Lane 7","","","","Lane 7",null,null,null,null,null,"MVWE45035"]
[null,"Lot Number","Lot","Core ",null,null,null,null,null,null,null,null,null,null,null,null,null,null,null,null,"C ","","",null,8,"",0,0,0,"",null,0,"Lane 8","","","","Lane 8","","","","Lane 8",null,null,null,null,null,"MVWE55035"]
[null,1,null,"Core ",null,null,null,null,null,null,null,null,null,null,null,null,null,null,null,null,"D","","",null,null,null,null,null,null,null,null,null,null,null,null,null,null,null,null,null,null,null,null,null,null,null,"MVNW15035"]
[null,1,"Lot","Core ","",null,null,null,null,null,null,null,null,null,null,null,null,null,null,null,"E","","",3,1,"",0,0,0,"",null,0,"Lane 1","","","","Lane 1","","","","Lane 1",null,null,null,null,null,"MVNW25035"]
[null,null,null,"Core ","",null,null,null,null,null,null,null,null,null,null,null,null,null,null,null,"F","","",null,2,"",0,0,0,"",null,0,"Lane 2","","","","Lane 2","","","","Lane 2",null,null,null,null,null,"MVNW35035"]
[null,2,"Lot","Core ","",null,null,null,null,null,null,null,null,null,null,null,null,null,null,null,"G","","",null,3,"",0,0,0,"",null,0,"Lane 3","","","","Lane 3","","","","Lane 3",null,null,null,null,null,"MVNW45035"]
[null,2,null,"Core","",null,null,null,null,null,null,null,null,null,null,null,null,null,null,null,"H","","",null,4,"",0,0,0,"",null,0,"Lane 4","","","","Lane 4","","","","Lane 4",null,null,null,null,null,"MVNW55035"]
[null,null,"Lot","Core ","",null,null,null,null,null,null,null,null,null,null,null,null,null,null,null,"I","","",null,5,"",0,0,0,"",null,0,"Lane 5","","","","Lane 5","","","","Lane 5",null,null,null,null,null,"HVWE17540"]
[null,3,null,"Core ","",null,null,null,null,null,null,null,null,null,null,null,null,null,null,null,"J","","",null,6,"",0,0,0,"",null,0,"Lane 6","","","","Lane 6","","","","Lane 6",null,null,null,null,null,"HVWE27540"]
[null,3,"Lot","Core ","",null,null,null,null,null,null,null,null,null,null,null,null,null,null,null,"K","","",null,7,"",0,0,0,"",null,0,"Lane 7","","","","Lane 7","","","","Lane 7",null,null,null,null,null,"HVWE37540"]
[null,null,null,"Core ","",null,null,null,null,null,null,null,null,null,null,null,null,null,null,null,"L","","",null,8,"",0,0,0,"",null,0,"Lane 8","","","","Lane 8","","","","Lane 8",null,null,null,null,null,"HVWE47540"]
[null,4,"Lot","Core ","",null,null,null,null,null,null,null,null,null,null,null,null,null,null,null,null,"","",null,null,null,null,null,null,null,null,null,null,null,null,null,null,null,null,null,null,null,null,null,null,null,"HVWE57540"]
[null,4,null,"Core","",null,null,null,null,null,null,null,null,null,null,null,null,null,null,null,null,"","",4,1,"",0,0,0,"",null,0,"Lane 1","","","","Lane 1","","","","Lane 1",null,null,null,null,null,"HVNW17540"]
[null,null,null,null,null,null,"Remarks",null,null,null,null,null,null,null,null,null,null,null,null,null,null,null,null,null,2,"",0,0,0,"",null,0,"Lane 2","","","","Lane 2","","","","Lane 2",null,null,null,null,null,"HVNW27540"]
[null,5,null,"Daily Production",null,null,null,null,null,null,null,null,null,null,null,null,null,null,null,null,null,null,null,null,3,"",0,0,0,"",null,0,"Lane 3","","","","Lane 3","","","","Lane 3",null,null,null,null,null,"HVNW37540"]
[null,5,null,"English Tons",null,"Lot",null,null,null,null,null,null,null,null,null,null,null,null,null,null,null,null,null,null,4,"",0,0,0,"",null,0,"Lane 4","","","","Lane 4","","","","Lane 4",null,null,null,null,null,"HVNW47540"]
[null,null,null,"0-600",null,1,null,null,null,null,null,null,null,null,null,null,null,null,null,null,null,null,null,null,5,"",0,0,0,"",null,0,"Lane 5","","","","Lane 5","","","","Lane 5",null,null,null,null,null,"HVNW57540"]
[null,6,null,"601-1000",null,2,null,null,null,null,null,null,null,null,null,null,null,null,null,null,null,null,null,null,6,"",0,0,0,"",null,0,"Lane 6","","","","Lane 6","","","","Lane 6",null,null,null,null,null,"SPWEA140"]
[null,6,null,"1001-1600",null,3,null,null,null,null,null,null,null,null,null,null,null,null,null,null,null,null,null,null,7,"",0,0,0,"",null,0,"Lane 7","","","","Lane 7","","","","Lane 7",null,null,null,null,null,"SPWEA240"]
[null,null,null,"1601-3600",null,4,null,null,null,null,null,null,null,null,null,null,null,null,null,null,null,null,null,null,8,"",0,0,0,"",null,0,"Lane 8","","","","Lane 8","","","","Lane 8",null,null,null,null,null,"SPWEA340"]
[null,7,null,"3601-5000",null,5,null,null,null,null,null,null,null,null,null,null,null,null,null,null,null,null,null,null,null,null,null,null,null,null,null,null,null,null,null,null,null,null,null,null,null,null,null,null,null,null,"SPWEA440"]
[null,7,null,">5000",null,6,null,null,null,null,"Street Inspector",null,null,null,null,null,null,null,null,null,null,null,null,5,1,"",0,0,0,"",null,0,"Lane 1","","","","Lane 1","","","","Lane 1",null,null,null,null,null,"SPWEA540"]
[null,null,null,"#  0F COMPANIONS CORES =",null,null,null,null,null,null,null,null,null,null,null,null,null,null,null,null,null,null,null,null,2,"",0,0,0,"",null,0,"Lane 2","","","","Lane 2","","","","Lane 2",null,null,null,null,null,"SPWEA640"]
[null,null,null,"    50% TOTAL CORES",null,null,null,null,null,null,null,null,null,null,null,null,null,null,null,null,null,null,null,null,3,"",0,0,0,"",null,0,"Lane 3","","","","Lane 3","","","","Lane 3",null,null,null,null,null,"SPWEA740"]
[null,null,null,null,null,null,null,null,null,null,null,null,null,null,null,null,null,null,null,null,null,null,null,null,4,"",0,0,0,"",null,0,"Lane 4","","","","Lane 4","","","","Lane 4",null,null,null,null,null,"SPNWA130"]
[null,null,null,null,null,null,null,null,null,null,null,null,null,null,null,null,null,null,null,null,null,null,null,null,5,"",0,0,0,"",null,0,"Lane 5","","","","Lane 5","","","","Lane 5",null,null,null,null,null,"SPNWA230"]
[null,null,null,null,null,null,null,null,null,null,null,null,null,null,null,null,null,null,null,null,null,null,null,null,6,"",0,0,0,"",null,0,"Lane 6","","","","Lane 6","","","","Lane 6",null,null,null,null,null,"SPNWA330"]
[null,null,null,null,null,null,null,null,null,null,null,null,null,null,null,null,null,null,null,null,null,null,null,null,7,"",0,0,0,"",null,0,"Lane 7","","","","Lane 7","","","","Lane 7",null,null,null,null,null,"SPNWA430"]
[null,null,null,null,null,null,null,null,null,null,null,null,null,null,null,null,null,null,null,null,null,null,null,null,8,"",0,0,0,"",null,0,"Lane 8","","","","Lane 8","","","","Lane 8",null,null,null,null,null,"SPNWA530"]
[null,null,null,null,null,null,null,null,null,null,null,null,null,null,null,null,null,null,null,null,null,null,null,null,null,null,null,null,null,null,null,null,null,null,null,null,null,null,null,null,null,null,null,null,null,null,"SPNWA630"]
[null,null,null,null,null,null,null,null,null,null,null,null,null,null,null,null,null,null,null,null,null,null,null,6,1,"",0,0,0,"",null,0,"Lane 1","","","","Lane 1","","","","Lane 1",null,null,null,null,null,"SPNWA730"]
[null,null,null,null,null,null,null,null,null,null,null,null,null,null,null,null,null,null,null,null,null,null,null,null,2,"",0,0,0,"",null,0,"Lane 2","","","","Lane 2","","","","Lane 2",null,null,null,null,null,"SPWEB140"]
[null,null,null,null,null,null,null,null,null,null,null,null,null,null,null,null,null,null,null,null,null,null,null,null,3,"",0,0,0,"",null,0,"Lane 3","","","","Lane 3","","","","Lane 3",null,null,null,null,null,"SPWEB240"]
[null,null,null,null,null,null,null,null,null,null,null,null,null,null,null,null,null,null,null,null,null,null,null,null,4,"",0,0,0,"",null,0,"Lane 4","","","","Lane 4","","","","Lane 4",null,null,null,null,null,"SPWEB340"]
[null,null,null,null,null,null,null,null,null,null,null,null,null,null,null,null,null,null,null,null,null,null,null,null,5,"",0,0,0,"",null,0,"Lane 5","","","","Lane 5","","","","Lane 5",null,null,null,null,null,"SPWEB440"]
[null,null,null,null,null,null,null,null,null,null,null,null,null,null,null,null,null,null,null,null,null,null,null,null,6,"",0,0,0,"",null,0,"Lane 6","","","","Lane 6","","","","Lane 6",null,null,null,null,null,"SPWEB540"]
[null,null,null,null,null,null,null,null,null,null,null,null,null,null,null,null,null,null,null,null,null,null,null,null,7,"",0,0,0,"",null,0,"Lane 7","","","","Lane 7","","","","Lane 7",null,null,null,null,null,"SPWEB640"]
[null,null,null,null,null,null,null,null,null,null,null,null,null,null,null,null,null,null,null,null,null,null,null,null,8,"",0,0,0,"",null,0,"Lane 8","","","","Lane 8","","","","Lane 8",null,null,null,null,null,"SPWEB740"]
[null,null,null,null,null,null,null,null,null,null,null,null,null,null,null,null,null,null,null,null,null,null,null,null,null,null,null,null,null,null,null,null,null,null,null,null,null,null,null,null,null,null,null,null,null,null,"SPNWB130"]
[null,null,null,null,null,null,null,null,null,null,null,null,null,null,null,null,null,null,null,null,null,null,null,7,1,"",0,0,0,"",null,0,"Lane 1","","","","Lane 1","","","","Lane 1",null,null,null,null,null,"SPNWB230"]
[null,null,null,null,null,null,null,null,null,null,null,null,null,null,null,null,null,null,null,null,null,null,null,null,2,"",0,0,0,"",null,0,"Lane 2","","","","Lane 2","","","","Lane 2",null,null,null,null,null,"SPNWB330"]
[null,null,null,null,null,null,null,null,null,null,null,null,null,null,null,null,null,null,null,null,null,null,null,null,3,"",0,0,0,"",null,0,"Lane 3","","","","Lane 3","","","","Lane 3",null,null,null,null,null,"SPNWB430"]
[null,null,null,null,null,null,null,null,null,null,null,null,null,null,null,null,null,null,null,null,null,null,null,null,4,"",0,0,0,"",null,0,"Lane 4","","","","Lane 4","","","","Lane 4",null,null,null,null,null,"SPNWB530"]
[null,null,null,null,null,null,null,null,null,null,null,null,null,null,null,null,null,null,null,null,null,null,null,null,5,"",0,0,0,"",null,0,"Lane 5","","","","Lane 5","","","","Lane 5",null,null,null,null,null,"SPNWB630"]
[null,null,null,null,null,null,null,null,null,null,null,null,null,null,null,null,null,null,null,null,null,null,null,null,6,"",0,0,0,"",null,0,"Lane 6","","","","Lane 6","","","","Lane 6",null,null,null,null,null,"SPNWB730"]
[null,null,null,null,null,null,null,null,null,null,null,null,null,null,null,null,null,null,null,null,null,null,null,null,null,null,null,null,null,null,null,null,null,null,null,null,null,null,null,null,null,null,null,null,null,null,"SPWEC140"]
[null,null,null,null,null,null,null,null,null,null,null,null,null,null,null,null,null,null,null,null,null,null,null,null,null,null,null,null,null,null,null,null,null,null,null,null,null,null,null,null,null,null,null,null,null,null,"SPWEC240"]
[null,null,null,null,null,null,null,null,null,null,null,null,null,null,null,null,null,null,null,null,null,null,null,null,null,null,null,null,null,null,null,null,null,null,null,null,null,null,null,null,null,null,null,null,null,null,"SPWEC340"]
[null,null,null,null,null,null,null,null,null,null,null,null,null,null,null,null,null,null,null,null,null,null,null,null,null,null,null,null,null,null,null,null,null,null,null,null,null,null,null,null,null,null,null,null,null,null,"SPWEC440"]
[null,null,null,null,null,null,null,null,null,null,null,null,null,null,null,null,null,null,null,null,null,null,null,null,null,null,null,null,null,null,null,null,null,null,null,null,null,null,null,null,null,null,null,null,null,null,"SPWEC540"]
[null,null,null,null,null,null,null,null,null,null,null,null,null,null,null,null,null,null,null,null,null,null,null,null,null,null,null,null,null,null,null,null,null,null,null,null,null,null,null,null,null,null,null,null,null,null,"SPWEC640"]
[null,null,null,null,null,null,null,null,null,null,null,null,null,null,null,null,null,null,null,null,null,null,null,null,null,null,null,null,null,null,null,null,null,null,null,null,null,null,null,null,null,null,null,null,null,null,"SPWEC740"]
[null,null,null,null,null,null,null,null,null,null,null,null,null,null,null,null,null,null,null,null,null,null,null,null,null,null,null,null,null,null,null,null,null,null,null,null,null,null,null,null,null,null,null,null,null,null,"SPNWC130"]
[null,null,null,null,null,null,null,null,null,null,null,null,null,null,null,null,null,null,null,null,null,null,null,null,null,null,null,null,null,null,null,null,null,null,null,null,null,null,null,null,null,null,null,null,null,null,"SPNWC230"]
[null,null,null,null,null,null,null,null,null,null,null,null,null,null,null,null,null,null,null,null,null,null,null,null,null,null,null,null,null,null,null,null,null,null,null,null,null,null,null,null,null,null,null,null,null,null,"SPNWC330"]
[null,null,null,null,null,null,null,null,null,null,null,null,null,null,null,null,null,null,null,null,null,null,null,null,null,null,null,null,null,null,null,null,null,null,null,null,null,null,null,null,null,null,null,null,null,null,"SPNWC430"]
[null,null,null,null,null,null,null,null,null,null,null,null,null,null,null,null,null,null,null,null,null,null,null,null,null,null,null,null,null,null,null,null,null,null,null,null,null,null,null,null,null,null,null,null,null,null,"SPNWC530"]
[null,null,null,null,null,null,null,null,null,null,null,null,null,null,null,null,null,null,null,null,null,null,null,null,null,null,null,null,null,null,null,null,null,null,null,null,null,null,null,null,null,null,null,null,null,null,"SPNWC630"]
[null,null,null,null,null,null,null,null,null,null,null,null,null,null,null,null,null,null,null,null,null,null,null,null,null,null,null,null,null,null,null,null,null,null,null,null,null,null,null,null,null,null,null,null,null,null,"SPNWC730"]

{"sheet":"Blank Core by Tons","index":7,"n_rows":76,"n_cols":37,"rows_kept":76,"cut":false,"hidden":true,"merged":[[25,10,25,12],[6,3,6,4],[6,6,6,7],[7,3,7,4],[7,6,7,7],[24,5,24,8],[24,2,24,4],[24,9,24,10],[25,6,25,7],[10,2,10,4],[4,4,4,5],[4,8,4,9],[4,11,4,12],[5,4,5,5],[5,6,5,7],[5,8,5,9],[5,11,5,12],[4,6,4,7],[27,5,27,8],[28,5,28,8],[29,5,29,8],[30,5,30,8],[38,5,38,8],[31,5,31,8],[32,5,32,8],[33,5,33,8],[34,5,34,8],[33,10,33,12],[35,5,35,8],[36,5,36,8],[37,5,37,8],[29,10,29,12],[30,10,30,12],[31,10,31,12],[32,10,32,12],[24,11,24,14],[41,11,42,14],[41,9,42,10],[35,10,35,12],[36,10,36,12],[37,10,37,12],[38,10,38,12],[34,10,34,12],[27,10,27,12],[28,10,28,12]],"flags":["formulas_cached_only"]}
[]
[]
[null,null,null,null,null,null,"BITUMINOUS CORING LOG",null,null,null,null,null,null,null,null,null,null,null,null,null,null,null,null,null,null,"Begin","End","Tons"]
[null,null,null,null,null,null,null,null,null,null,null,null,null,null,null,null,null,null,null,null,null,null,null,null,null,"Lot","Lot","This",null,"Core","Core"]
[null,null,null,"S.P.",null,null,"T. H.",null,null,null,"Engineer",null,null,"Date Paved",null,null,null,null,null,null,null,null,null,null,"Core","Tons","Tons","Core",null,"Distance","Tonnage","Core",null,null,"LV",null,"LVWE15030"]
[null,null,null,"Contractor",null,null,"Plant",null,null,null,"Date Cored",null,null,"Day #",null,null,null,null,null,null,null,null,null,null,"A",0,0,0,null,0,0,"A",null,null,"LV-R",null,"LVWE25030"]
[null,null,null,"Total Tons Expected",null,null,"Lots Required",null,null,"Mix Spec",null,"Mix",null,"MDR/Rec#",null,null,null,null,null,null,null,null,null,null,null,null,null,null,null,null,null,null,null,null,"MV",null,"LVWE35030"]
[null,null,null,"Tons Per Core",null,null,"Tons Per Lot",null,null,"Mix Type",null,"Lift Paved",null,"Bid Price/Ton",null,null,null,"Tons","Lots",null,null,null,null,null,"B",0,0,0,null,0,0,"B",null,null,"MV-R",null,"LVWE45030"]
[null,null,null,null,null,null,null,null,null,null,null,null,null,null,null,null,null,0.1,0,null,null,null,null,null,null,null,null,null,null,null,null,null,null,null,"HV",null,"LVWE55030"]
[null,null,null,null,null,null,null,null,null,"Comp","Lot","Random","Tons/","Core","Core",null,null,1,1,null,null,null,null,null," C ","","","",null,"",""," C ",null,null,"HV-R",null,"LVNW15030"]
[null,null,"         Daily Production",null,null,null,null,"LOT","CORE","*","Tonnage","#","Core","Distance","Tonnage",null,null,601,2,null,null,null,null,null,null,null,null,null,null,null,null,null,null,null,"SPNW",null,"LVNW25030"]
[null,null,"Metric Tons","English Tons","Lot",null,null,"Lot",null,null,null,null,null,null,null,null,null,1001,3,null,null,null,null,null,"D","","","",null,"","","D",null,null,"SPNW-R",null,"LVNW35030"]
[null,null,"0-545","0-600",1,null,null,null,null,null,null,null,null,null,null,null,null,1601,4,null,null,null,null,null,null,null,null,null,null,null,null,null,null,null,"SPWE",null,"LVNW45030"]
[null,null,"546-910","601-1000",2,null,null,"Lot"," ",null,null,null,"","","",null,null,3601,5,null,null,null,null,null,"E","","","",null,"","","E",null,null,"SPWE-R",null,"LVNW55030"]
[null,null,"911-1455","1001-1600",3,null,null," "," ",null,"",null,"","","",null,null,5001,6,null,null,null,null,null,null,null,null,null,null,null,null,null,null,null,null,null,"MVWE15035"]
[null,null,"1456-3275","1601-3600",4,null,null,"Lot"," ",null,null,null,"","","",null,null,null,null,null,null,null,null,null,"F","","","",null,"","","F",null,null,null,null,"MVWE25035"]
[null,null,"3276-4545","3601-5000",5,null,null," "," ",null,"",null,"","","",null,null,null,null,null,null,null,null,null,null,null,null,null,null,null,null,null,null,null,null,null,"MVWE35035"]
[null,null,">4545",">5001",6,null,null,"Lot"," ",null,null,null,"","","",null,null,null,null,null,null,null,null,null,"G","","","",null,"","","G",null,null,null,null,"MVWE45035"]
[null,null,null,"#  0F COMPANIONS CORES =",null,null,null," "," ",null,"",null,"","","",null,null,null,null,null,null,"Core","Tonnage",null,null,null,null,null,null,null,null,null,null,null,null,null,"MVWE55035"]
[null,"Lot Number",null,"    50% TOTAL CORES",null,null,null,"Lot"," ",null,null,null,"","","",null,null,null,null,null,null,"A",0,null,"H","","","",null,"","","H",null,null,null,null,"MVNW15035"]
[null,1,null,null,null,null,null," "," ",null,"",null,"","","",null,null,null,null,null,null,"B",0,null,null,null,null,null,null,null,null,null,null,null,null,null,"MVNW25035"]
[null,1,null,null,null,null,null,"Lot"," ",null,null,null,"","","",null,null,null,null,null,null,"C ","",null,"I","","","",null,"","","I",null,null,null,null,"MVNW35035"]
[null,null,null,null,null,null,null," "," ",null,"",null,"","","",null,null,null,null,null,null,"D","",null," ",null,null,null,null,null,null," ",null,null,null,null,"MVNW45035"]
[null,2,null,null,null,null,null,null,null,null,null,null,null,null,null,null,null,null,null,null,null,"E","",null,"J","","","",null,"","","J",null,null,null,null,"MVNW55035"]
[null,2,"Verification:Field I.D.",null,null,null,null,null,null,"Station:",null,null,null,null,null,null,null,null,null,null,null,"F","",null,null,null,null,null,null,null,null,null,null,null,null,null,"HVWE17540"]
[null,null,"Core","Core Tons",null,null,"Station",null,null,null,"Offset",null,null,null," Comp",null,null,null,null,null,null,"G","",null,"K","","","",null,"","","K",null,null,null,null,"HVWE27540"]
[null,3,null,null,null,null,null,null,null,null,null,null,null,null,null,null,null,null,null,null,null,"H","",null,null,null,null,null,null,null,null,null,null,null,null,null,"HVWE37540"]
[null,3,null,null,null,null,null,null,null,null,null,null,null,null,null,null,null,null,null,null,null,"I","",null,"L","","","",null,"","","L",null,null,null,null,"HVWE47540"]
[null,null,null,null,null,null,null,null,null,null,null,null,null,null,null,null,null,null,null,null,null,"J","",null,null,null,null,null,null,null,null,null,null,null,null,null,"HVWE57540"]
[null,4,null,null,null,null,null,null,null,null,null,null,null,null,null,null,null,null,null,null,null,"K","",null,null,null,null,null,null,null,null,null,null,null,null,null,"HVNW17540"]
[null,4,null,null,null,null,null,null,null,null,null,null,null,null,null,null,null,null,null,null,null,"L","",null,null,null,null,null,null,null,null,null,null,null,null,null,"HVNW27540"]
[null,null,null,null,null,null,null,null,null,null,null,null,null,null,null,null,null,null,null,null,"","",null,null,null,null,null,null,null,null,null,null,null,null,null,null,"HVNW37540"]
[null,5,null,null,null,null,null,null,null,null,null,null,null,null,null,null,null,null,null,null,"","",null,null,null,null,null,null,null,null,null,null,null,null,null,null,"HVNW47540"]
[null,5,null,null,null,null,null,null,null,null,null,null,null,null,null,null,null,null,null,null,null,null,null,null,null,null,null,null,null,null,null,null,null,null,null,null,"HVNW57540"]
[null,null,null,null,null,null,null,null,null,null,null,null,null,null,null,null,null,null,null,null,null,null,null,null,null,null,null,null,null,null,null,null,null,null,null,null,"SPWEA140"]
[null,6,null,null,null,null,null,null,null,null,null,null,null,null,null,null,null,null,null,null,null,null,null,null,null,null,null,null,null,null,null,null,null,null,null,null,"SPWEA240"]
[null,6,null,null,null,null,null,null,null,null,null,null,null,null,null,null,null,null,null,null,null,null,null,null,null,null,null,null,null,null,null,null,null,null,null,null,"SPWEA340"]
[null,null,null,null,null,null,null,null,null,null,null,null,null,null,null,null,null,null,null,null,null,null,null,null,null,null,null,null,null,null,null,null,null,null,null,null,"SPWEA440"]
[null,7,null,null,null,null,null,null,null,null,null,null,null,null,null,null,null,null,null,null,null,null,null,null,null,null,null,null,null,null,null,null,null,null,null,null,"SPWEA540"]
[null,7,null,null,null,null,null,null,null,null,null,null,null,null,null,null,null,null,null,null,null,null,null,null,null,null,null,null,null,null,null,null,null,null,null,null,"SPWEA640"]
[null,null,null,null,null,null,null,null,null,null,null,null,null,null,null,null,null,null,null,null,null,null,null,null,null,null,null,null,null,null,null,null,null,null,null,null,"SPWEA740"]
[null,null,null,null,null,null,null,null,null,"Signature",null,null,null,null,null,null,null,null,null,null,null,null,null,null,null,null,null,null,null,null,null,null,null,null,null,null,"SPNWA130"]
[null,null,null,null,null,null,null,null,null,null,null,null,null,null,null,null,null,null,null,null,null,null,null,null,null,null,null,null,null,null,null,null,null,null,null,null,"SPNWA230"]
[null,null,null,null,null,null,null,null,null,null,null,null,null,null,null,null,null,null,null,null,null,null,null,null,null,null,null,null,null,null,null,null,null,null,null,null,"SPNWA330"]
[null,null,null,null,null,null,null,null,null,null,null,null,null,null,null,null,null,null,null,null,null,null,null,null,null,null,null,null,null,null,null,null,null,null,null,null,"SPNWA430"]
[null,null,null,null,null,null,null,null,null,null,null,null,null,null,null,null,null,null,null,null,null,null,null,null,null,null,null,null,null,null,null,null,null,null,null,null,"SPNWA530"]
[null,null,null,null,null,null,null,null,null,null,null,null,null,null,null,null,null,null,null,null,null,null,null,null,null,null,null,null,null,null,null,null,null,null,null,null,"SPNWA630"]
[null,null,null,null,null,null,null,null,null,null,null,null,null,null,null,null,null,null,null,null,null,null,null,null,null,null,null,null,null,null,null,null,null,null,null,null,"SPNWA730"]
[null,null,null,null,null,null,null,null,null,null,null,null,null,null,null,null,null,null,null,null,null,null,null,null,null,null,null,null,null,null,null,null,null,null,null,null,"SPWEB140"]
[null,null,null,null,null,null,null,null,null,null,null,null,null,null,null,null,null,null,null,null,null,null,null,null,null,null,null,null,null,null,null,null,null,null,null,null,"SPWEB240"]
[null,null,null,null,null,null,null,null,null,null,null,null,null,null,null,null,null,null,null,null,null,null,null,null,null,null,null,null,null,null,null,null,null,null,null,null,"SPWEB340"]
[null,null,null,null,null,null,null,null,null,null,null,null,null,null,null,null,null,null,null,null,null,null,null,null,null,null,null,null,null,null,null,null,null,null,null,null,"SPWEB440"]
[null,null,null,null,null,null,null,null,null,null,null,null,null,null,null,null,null,null,null,null,null,null,null,null,null,null,null,null,null,null,null,null,null,null,null,null,"SPWEB540"]
[null,null,null,null,null,null,null,null,null,null,null,null,null,null,null,null,null,null,null,null,null,null,null,null,null,null,null,null,null,null,null,null,null,null,null,null,"SPWEB640"]
[null,null,null,null,null,null,null,null,null,null,null,null,null,null,null,null,null,null,null,null,null,null,null,null,null,null,null,null,null,null,null,null,null,null,null,null,"SPWEB740"]
[null,null,null,null,null,null,null,null,null,null,null,null,null,null,null,null,null,null,null,null,null,null,null,null,null,null,null,null,null,null,null,null,null,null,null,null,"SPNWB130"]
[null,null,null,null,null,null,null,null,null,null,null,null,null,null,null,null,null,null,null,null,null,null,null,null,null,null,null,null,null,null,null,null,null,null,null,null,"SPNWB230"]
[null,null,null,null,null,null,null,null,null,null,null,null,null,null,null,null,null,null,null,null,null,null,null,null,null,null,null,null,null,null,null,null,null,null,null,null,"SPNWB330"]
[null,null,null,null,null,null,null,null,null,null,null,null,null,null,null,null,null,null,null,null,null,null,null,null,null,null,null,null,null,null,null,null,null,null,null,null,"SPNWB430"]
[null,null,null,null,null,null,null,null,null,null,null,null,null,null,null,null,null,null,null,null,null,null,null,null,null,null,null,null,null,null,null,null,null,null,null,null,"SPNWB530"]
[null,null,null,null,null,null,null,null,null,null,null,null,null,null,null,null,null,null,null,null,null,null,null,null,null,null,null,null,null,null,null,null,null,null,null,null,"SPNWB630"]
[null,null,null,null,null,null,null,null,null,null,null,null,null,null,null,null,null,null,null,null,null,null,null,null,null,null,null,null,null,null,null,null,null,null,null,null,"SPNWB730"]
[null,null,null,null,null,null,null,null,null,null,null,null,null,null,null,null,null,null,null,null,null,null,null,null,null,null,null,null,null,null,null,null,null,null,null,null,"SPWEC140"]
[null,null,null,null,null,null,null,null,null,null,null,null,null,null,null,null,null,null,null,null,null,null,null,null,null,null,null,null,null,null,null,null,null,null,null,null,"SPWEC240"]
[null,null,null,null,null,null,null,null,null,null,null,null,null,null,null,null,null,null,null,null,null,null,null,null,null,null,null,null,null,null,null,null,null,null,null,null,"SPWEC340"]
[null,null,null,null,null,null,null,null,null,null,null,null,null,null,null,null,null,null,null,null,null,null,null,null,null,null,null,null,null,null,null,null,null,null,null,null,"SPWEC440"]
[null,null,null,null,null,null,null,null,null,null,null,null,null,null,null,null,null,null,null,null,null,null,null,null,null,null,null,null,null,null,null,null,null,null,null,null,"SPWEC540"]
[null,null,null,null,null,null,null,null,null,null,null,null,null,null,null,null,null,null,null,null,null,null,null,null,null,null,null,null,null,null,null,null,null,null,null,null,"SPWEC640"]
[null,null,null,null,null,null,null,null,null,null,null,null,null,null,null,null,null,null,null,null,null,null,null,null,null,null,null,null,null,null,null,null,null,null,null,null,"SPWEC740"]
[null,null,null,null,null,null,null,null,null,null,null,null,null,null,null,null,null,null,null,null,null,null,null,null,null,null,null,null,null,null,null,null,null,null,null,null,"SPNWC130"]
[null,null,null,null,null,null,null,null,null,null,null,null,null,null,null,null,null,null,null,null,null,null,null,null,null,null,null,null,null,null,null,null,null,null,null,null,"SPNWC230"]
[null,null,null,null,null,null,null,null,null,null,null,null,null,null,null,null,null,null,null,null,null,null,null,null,null,null,null,null,null,null,null,null,null,null,null,null,"SPNWC330"]
[null,null,null,null,null,null,null,null,null,null,null,null,null,null,null,null,null,null,null,null,null,null,null,null,null,null,null,null,null,null,null,null,null,null,null,null,"SPNWC430"]
[null,null,null,null,null,null,null,null,null,null,null,null,null,null,null,null,null,null,null,null,null,null,null,null,null,null,null,null,null,null,null,null,null,null,null,null,"SPNWC530"]
[null,null,null,null,null,null,null,null,null,null,null,null,null,null,null,null,null,null,null,null,null,null,null,null,null,null,null,null,null,null,null,null,null,null,null,null,"SPNWC630"]
[null,null,null,null,null,null,null,null,null,null,null,null,null,null,null,null,null,null,null,null,null,null,null,null,null,null,null,null,null,null,null,null,null,null,null,null,"SPNWC730"]

{"sheet":"BLANKCORE WKST","index":8,"n_rows":41,"n_cols":15,"rows_kept":41,"cut":false,"hidden":true,"merged":[[40,11,40,13],[27,6,27,8],[31,6,31,8],[35,6,35,8],[40,0,40,6],[4,12,4,13],[19,6,19,8],[23,6,23,8],[39,11,39,13],[4,10,4,11],[5,9,5,10],[6,8,6,9],[6,10,6,11],[15,6,15,8],[2,5,2,9],[4,2,4,3],[4,7,4,8],[6,2,6,3],[5,6,5,7]],"flags":["formulas_cached_only"]}
[null,null,"TIME IN"]
[null,null,"TIME OUT"]
[null,null,null,null,null,"      CORE       WORKSHEET             "]
[]
[null,"S.P.",null,null,"T.H.",null,"Contractor",null,null,"Engineer",null,null,"MDR/Rec #"]
[null,"Paved",null,"Cored",null,"Mix Type",null,null,"Test #",null,null,"Tons",null,"# of Lots"]
[null,"Plant",null,null,null,"Mix Spec",null,null,"Date Cores Tested"]
[null,null,"A","B","C","D","E","F","G","H","I","J","K","L","M"]
[null,null,null,null,null,null,null,null,null,null,"%  WATER",null,"AVE. ","MAX.","FINAL DENSITY"]
["LOT","CORE #","AIR DRY","CORE/PAN","PAN ID.","PAN WT.","DRY WT.","SSD WT.","IMM. WT.","Thickness","ABSORBED","Sp GRAV.","Sp GRAV.","GRAVITY","% 0F MAXIMUM "]
[null,null,"CORE","(or dry wt.)",null,null,null,null,null,"(mm)/in","(F-(A-E)-E)*100",null,null,null,"Sp GRAV."]
[null,null,null,null,null,null,"(B-D)",null,null,null,"(F-(A-E))-(G-(A-E))","E/(F-G)","(J1+J2)/2",null,"(K/L)*100"]
[]
[]
["COMP"]
[null,null,null,null,null,null,"Average thickness of cores="]
[]
[]
["COMP"]
[null,null,null,null,null,null,"Average thickness of cores="]
[]
[]
["COMP"]
[null,null,null,null,null,null,"Average thickness of cores="]
[]
[]
["COMP"]
[null,null,null,null,null,null,"Average thickness of cores="]
[]
[]
["COMP"]
[null,null,null,null,null,null,"Average thickness of cores="]
[]
[]
["COMP"]
[null,null,null,null,null,null,"Average thickness of cores="]
[]
[null,null,null,null,null,null,null,null,null,null,"PUT COMPANON CORE VALUE "]
[" COMPANION  CORE,  TESTED BY Mn/DOT,  SP. GRAVITY NOT INCLUDED IN AVERAGE. CHECK .030 TOLERANCE."]
["( 1 )  SEE SPECIFICATION 2350.6B2 OR 2360.5B1.",null,null,null,null,null,null,null,null,null,"Signature QC"]
["Mosture Calculation is using AASHTO T-166 Method C(Mn/DOT modified)",null,null,null,null,null,null,null,null,null,"Signature QA"]

{"sheet":"random numbers","index":9,"n_rows":220,"n_cols":3,"rows_kept":220,"cut":false,"hidden":true,"merged":[],"flags":["formulas_cached_only"]}
[0.9121362566947937,0.3037824034690857]
[0.8455883264541626,0.4172319173812866]
[0.6253255009651184,0.34246259927749634,35983]
[0.5516932010650635,0.5667705535888672]
[0.6939615607261658,0.8938466906547546]
[0.7983149290084839,0.9126182794570923]
[0.33092743158340454,0.32514506578445435]
[0.5298275947570801,0.35314393043518066]
[0.5266024470329285,0.5970434546470642]
[0.8018571138381958,0.052295565605163574]
[0.8217657208442688,0.6865392327308655]
[0.5587775707244873,0.25264978408813477]
[0.6133212447166443,0.5543181300163269]
[0.11886441707611084,0.1804715394973755]
[0.8916483521461487,0.30201131105422974]
[0.16677188873291016,0.6718127727508545]
[0.07582205533981323,0.8279876112937927]
[0.942146897315979,0.6250423192977905]
[0.7496970295906067,0.23387819528579712]
[0.09409070014953613,0.14179134368896484]
[0.5920681357383728,0.15247267484664917]
[0.8948734998703003,0.12042868137359619]
[0.9241405129432678,0.21656066179275513]
[0.33780431747436523,0.9281647205352783]
[0.690288245677948,0.7933525443077087]
[0.8984156847000122,0.932209849357605]
[0.6182411313056946,0.5156379342079163]
[0.36675429344177246,0.030932903289794922]
[0.8393239378929138,0.7506272196769714]
[0.48393189907073975,0.3719702959060669]
[0.42840391397476196,0.4426944851875305]
[0.9806079864501953,0.49610114097595215]
[0.5732633471488953,0.33588117361068726]
[0.8739258050918579,0.8165410757064819]
[0.28645259141921997,0.3745613694190979]
[0.8456099033355713,0.9660797119140625]
[0.35508865118026733,0.6603662371635437]
[0.8266524076461792,0.5775066614151001]
[0.7264752984046936,0.3572438359260559]
[0.5581650733947754,0.752453088760376]
[0.18772953748703003,0.5668253302574158]
[0.5483037233352661,0.3892878293991089]
[0.21731358766555786,0.656321108341217]
[0.8526942729949951,0.8552212715148926]
[0.27444833517074585,0.5241000056266785]
[0.07150304317474365,0.5174638032913208]
[0.7560377717018127,0.2717931866645813]
[0.19510936737060547,0.008805036544799805]
[0.7369491457939148,0.5321902632713318]
[0.7049051523208618,0.9620345830917358]
[0.8796656727790833,0.20366007089614868]
[0.12242817878723145,0.47878360748291016]
[0.9876160025596619,0.12225455045700073]
[0.3920525312423706,0.4574209451675415]
[0.5066390633583069,0.1863425374031067]
[0.756354808807373,0.26515698432922363]
[0.8202568888664246,0.7631344199180603]
[0.661173939704895,0.5347813367843628]
[0.9974773526191711,0.4854198098182678]
[0.05088400840759277,0.36792516708374023]
[0.9692925810813904,0.720409095287323]
[0.9811109304428101,0.6629573106765747]
[0.2735520005226135,0.10089188814163208]
[0.3962287902832031,0.5215089321136475]
[0.3636171221733093,0.9940785765647888]
[0.015178322792053223,0.10752809047698975]
[0.38839083909988403,0.03275877237319946]
[0.3147585391998291,0.2570667266845703]
[0.8635515570640564,0.31856364011764526]
[0.9679049253463745,0.6029144525527954]
[0.5628343224525452,0.01544123888015747]
[0.2928929328918457,0.04344010353088379]
[0.6961924433708191,0.22502273321151733]
[0.9714471101760864,0.4146956205368042]
[0.2569349408149719,0.3145185112953186]
[0.9939467906951904,0.8806290626525879]
[0.8452281355857849,0.18229740858078003]
[0.556963324546814,0.5428715944290161]
[0.7985888123512268,0.9299905896186829]
[0.3392915725708008,0.2997920513153076]
[0.5139209628105164,0.19038766622543335]
[0.9247862100601196,0.9874423742294312]
[0.6537078022956848,0.5962782502174377]
[0.9981014728546143,0.769770622253418]
[0.027237355709075928,0.7804519534111023]
[0.5333050489425659,0.9516702890396118]
[0.828151285648346,0.04780226945877075]
[0.24181509017944336,0.759406328201294]
[0.8598782420158386,0.6245941519737244]
[0.8024264574050903,0.7634514570236206]
[0.7715194821357727,0.3468795418739319]
[0.2707650661468506,0.596595287322998]
[0.27449315786361694,0.5818688273429871]
[0.12236344814300537,0.8916274309158325]
[0.3131733536720276,0.9623516201972961]
[0.6161098480224609,0.015758275985717773]
[0.9431859850883484,0.8555383086204529]
[0.7586952447891235,0.33619821071624756]
[0.4368012547492981,0.628639280796051]
[0.4840414524078369,0.4857368469238281]
[0.6656240820884705,0.18002337217330933]
[0.4487723112106323,0.8315845727920532]
[0.8797536492347717,0.8769009709358215]
[0.4621758460998535,0.2721102237701416]
[0.49826496839523315,0.8209032416343689]
[0.45231449604034424,0.9089449644088745]
[0.370591938495636,0.17597824335098267]
[0.47481417655944824,0.3748784065246582]
[0.647300660610199,0.7781779170036316]
[0.9755138158798218,0.037120938301086426]
[null,0.7914503216743469]
[null,0.5284621715545654]
[null,0.05184739828109741]
[null,0.48169171810150146]
[null,0.4577379822731018]
[null,0.9984407424926758]
[null,0.6419116854667664]
[null,0.9770780801773071]
[null,0.7059996724128723]
[null,0.7848141193389893]
[null,0.2827915549278259]
[null,0.7888592481613159]
[null,0.005076944828033447]
[null,0.8875823020935059]
[null,0.24006623029708862]
[null,0.18261444568634033]
[null,0.6205490231513977]
[null,0.041166067123413086]
[null,0.5137357115745544]
[null,0.36160600185394287]
[null,0.2868366837501526]
[null,0.5111446380615234]
[null,0.8382207751274109]
[null,0.12257158756256104]
[null,0.5350983738899231]
[null,0.2975180149078369]
[null,0.47910064458847046]
[null,0.9343527555465698]
[null,0.8341756463050842]
[null,0.4002861976623535]
[null,0.43637531995773315]
[null,0.06252872943878174]
[null,0.4496477246284485]
[null,0.5538699626922607]
[null,0.710044801235199]
[null,0.5070995092391968]
[null,0.11593538522720337]
[null,0.2894277572631836]
[null,0.3001090884208679]
[null,0.26806509494781494]
[null,0.3641970753669739]
[null,0.8102219104766846]
[null,0.9409889578819275]
[null,0.07984626293182373]
[null,0.663274347782135]
[null,0.9129900932312012]
[null,0.8982636332511902]
[null,0.20802223682403564]
[null,0.27874642610549927]
[null,0.3321530818939209]
[null,0.171933114528656]
[null,0.6525930166244507]
[null,0.9450340867042542]
[null,0.8021316528320312]
[null,0.49641817808151245]
[null,0.14797937870025635]
[null,0.19329577684402466]
[null,0.5885050296783447]
[null,0.13729804754257202]
[null,0.22533977031707764]
[null,0.4923730492591858]
[null,0.42569398880004883]
[null,0.09457272291183472]
[null,0.35351574420928955]
[null,0.8422659039497375]
[null,0.8448569774627686]
[null,0.36824220418930054]
[null,0.5325073003768921]
[null,0.7741327881813049]
[null,0.3148355484008789]
[null,0.692727267742157]
[null,0.29347288608551025]
[null,0.7568152546882629]
[null,0.10120892524719238]
[null,0.599186360836029]
[null,0.10525405406951904]
[null,0.3214717507362366]
[null,0.8760809898376465]
[null,0.22856491804122925]
[null,0.9055339097976685]
[null,0.34346848726272583]
[null,0.02966475486755371]
[null,0.23665517568588257]
[null,0.3501046895980835]
[null,0.2753353714942932]
[null,0.49964332580566406]
[null,0.8267194628715515]
[null,0.11107027530670166]
[null,0.2580178380012512]
[null,0.28601670265197754]
[null,0.4675993323326111]
[null,0.9228514432907104]
[null,0.8226743340492249]
[null,0.38878488540649414]
[null,0.4248740077018738]
[null,0.05102741718292236]
[null,0.1725671887397766]
[null,0.5423686504364014]
[null,0.6985434889793396]
[null,0.4955981969833374]
[null,0.104434072971344]
[null,0.012347221374511719]
[null,0.023028552532196045]
[null,0.9909845590591431]
[null,0.087116539478302]
[null,0.7987205982208252]
[null,0.9294876456260681]
[null,0.06834495067596436]
[null,0.38619381189346313]
[null,0.9014887809753418]